7 днів (Запис № 312286)

МАРК-запис
000 -Лідер
fixed length control field 00893cas a22003017a 4500
001 - Контрольний номер
control field 109529
003 - Ідентифікатор контрольного номера
control field UA-OsUOA
005 - Дата та час останнього входження (трансакції)
control field 20200507101652.0
007 - Фіксоване поле фізичного опису
fixed length control field ta
008 - Елементи даних фіксованої довжини – загальна інформація
fixed length control field 201501c1993 un wr|n||00| 0 ukrcdukr |
040 ## - Джерело каталогізації
Агенція оригінальної каталогізації UA-OsUOA
Мова каталогізації ukr
Агенція, яка здійснювала перезапис UA-OsUOA
Агенція, яка здійснювала модифікацію UA-OsUOA
041 ## - Код мови
Код мови тексту/ звукової доріжки чи окремого заголовка (П) ukr
044 ## - Код країни видавця/ виробника
Код країни видавця/ виробника (П) UA
080 ## - Індекс Універсальної десяткової класифікації
Індекс Універсальної десяткової класифікації (УДК) (НП) 050
090 ## - Локальний шифр розміщення
Класифікаційний індекс УДК 050
Авторський знак (НП) С37
099 ## - Місцевий розмір звичайного тексту (OCLC)
Передплатний індекс 8902
110 ## - Наймення організації – загальна інформація
Найменування колективу або юрисдикції як початковий елемент введення Засновник і видавець - ТОВ "Редакція газети "Сім днів"
245 ## - Відомості про назву
Назва (НП) 7 днів
Дані про відповідальність (НП) гол. ред. Герус В. Л.
Решта назви (НП) рівненський тижневик
260 ## - Публікація, розповсюдження і т.п. (Вихідні дані)
Місце публікації, розповсюдження і т.п. (П) Рівне
310 ## - Поточна періодичність
Поточна періодичність щотижня
650 #7 - Додаткове предметне введення – тематичний термін
Тематичний термін чи географічна назва, як елемент введення (НП) 050 Серіальні видання. Періодика
Джерело заголовка чи терміна UDC
856 ## - Електронне місцезнаходження та доступ
Уніфікований ідентифікатор ресурсу (П) https://7d.rv.ua/
942 ## - Додаткові елементи входу (Коха)
Тип елемента Koha Газета
Source of classification or shelving scheme Universal Decimal Classification
Serial record 1
955 ## - Код типу видання за змістом
Код типу видання за змістом (НП) інше
962 ## - Рік початку публікації
Рік 1993
Фонди
Стан вилучень Стан втрат Джерело класифікації або схеми стелажів Стан уражень Не для кредиту Постійне місце розташування Поточне розміщення Дата придбання Послідовне перерахування / хронологія Усього замовленно Повний номер виклику Штрих-код Дата останнього перегляду Ціна ефективна від Тип елемента Koha
    Universal Decimal Classification     ВП - Відділ періодики НБ ВП - Відділ періодики НБ 07/05/2020 1 (1096)   050 С37 216217012 07/05/2020 07/05/2020 Номер газети
    Universal Decimal Classification     ВП - Відділ періодики НБ ВП - Відділ періодики НБ 07/05/2020 2 (1097)   050 С37 216217013 07/05/2020 07/05/2020 Номер газети
    Universal Decimal Classification     ВП - Відділ періодики НБ ВП - Відділ періодики НБ 07/05/2020 3 (1098)   050 С37 216217014 07/05/2020 07/05/2020 Номер газети
    Universal Decimal Classification     ВП - Відділ періодики НБ ВП - Відділ періодики НБ 07/05/2020 4 (1099)   050 С37 216217015 07/05/2020 07/05/2020 Номер газети
    Universal Decimal Classification     ВП - Відділ періодики НБ ВП - Відділ періодики НБ 07/05/2020 5 (1100)   050 С37 216217016 07/05/2020 07/05/2020 Номер газети
    Universal Decimal Classification     ВП - Відділ періодики НБ ВП - Відділ періодики НБ 07/05/2020 6 (1101)   050 С37 216217017 07/05/2020 07/05/2020 Номер газети
    Universal Decimal Classification     ВП - Відділ періодики НБ ВП - Відділ періодики НБ 07/05/2020 7 (1102)   050 С37 216217018 07/05/2020 07/05/2020 Номер газети
    Universal Decimal Classification     ВП - Відділ періодики НБ ВП - Відділ періодики НБ 07/05/2020 8 (1103)   050 С37 216217019 07/05/2020 07/05/2020 Номер газети
    Universal Decimal Classification     ВП - Відділ періодики НБ ВП - Відділ періодики НБ 07/05/2020 9 (1104)   050 С37 216217020 07/05/2020 07/05/2020 Номер газети
    Universal Decimal Classification     ВП - Відділ періодики НБ ВП - Відділ періодики НБ 07/05/2020 10 (1105)   050 С37 216217021 07/05/2020 07/05/2020 Номер газети
    Universal Decimal Classification     ВП - Відділ періодики НБ ВП - Відділ періодики НБ 07/05/2020 11 (1106)   050 С37 216217022 07/05/2020 07/05/2020 Номер газети
    Universal Decimal Classification     ВП - Відділ періодики НБ ВП - Відділ періодики НБ 07/05/2020 12 (1107)   050 С37 216217023 07/05/2020 07/05/2020 Номер газети
    Universal Decimal Classification     ВП - Відділ періодики НБ ВП - Відділ періодики НБ 07/05/2020 13 (1108)   050 С37 216217024 07/05/2020 07/05/2020 Номер газети
    Universal Decimal Classification     ВП - Відділ періодики НБ ВП - Відділ періодики НБ 07/05/2020 14 (1109)   050 С37 216217025 07/05/2020 07/05/2020 Номер газети
    Universal Decimal Classification     ВП - Відділ періодики НБ ВП - Відділ періодики НБ 07/05/2020 15 (1110)   050 С37 216217026 07/05/2020 07/05/2020 Номер газети
    Universal Decimal Classification     ВП - Відділ періодики НБ ВП - Відділ періодики НБ 07/05/2020 16 (1111)   050 С37 216217027 07/05/2020 07/05/2020 Номер газети
    Universal Decimal Classification     ВП - Відділ періодики НБ ВП - Відділ періодики НБ 07/05/2020 17 (1112)   050 С37 216217028 07/05/2020 07/05/2020 Номер газети
    Universal Decimal Classification     ВП - Відділ періодики НБ ВП - Відділ періодики НБ 07/05/2020 18 (1113)   050 С37 216217029 07/05/2020 07/05/2020 Номер газети
    Universal Decimal Classification     ВП - Відділ періодики НБ ВП - Відділ періодики НБ 07/05/2020 19 (1114)   050 С37 216217030 07/05/2020 07/05/2020 Номер газети
    Universal Decimal Classification     ВП - Відділ періодики НБ ВП - Відділ періодики НБ 07/05/2020 20 (1115)   050 С37 216217031 07/05/2020 07/05/2020 Номер газети
    Universal Decimal Classification     ВП - Відділ періодики НБ ВП - Відділ періодики НБ 07/05/2020 21 (1116)   050 С37 216217032 07/05/2020 07/05/2020 Номер газети
    Universal Decimal Classification     ВП - Відділ періодики НБ ВП - Відділ періодики НБ 07/05/2020 22 (1117)   050 С37 216217033 07/05/2020 07/05/2020 Номер газети
    Universal Decimal Classification     ВП - Відділ періодики НБ ВП - Відділ періодики НБ 07/05/2020 23 (1118)   050 С37 216217034 07/05/2020 07/05/2020 Номер газети
    Universal Decimal Classification     ВП - Відділ періодики НБ ВП - Відділ періодики НБ 07/05/2020 24 (1119)   050 С37 216217035 07/05/2020 07/05/2020 Номер газети
    Universal Decimal Classification     ВП - Відділ періодики НБ ВП - Відділ періодики НБ 07/05/2020 25 (1120)   050 С37 216217036 07/05/2020 07/05/2020 Номер газети
    Universal Decimal Classification     ВП - Відділ періодики НБ ВП - Відділ періодики НБ 07/05/2020 26 (1121)   050 С37 216217037 07/05/2020 07/05/2020 Номер газети
    Universal Decimal Classification     ВП - Відділ періодики НБ ВП - Відділ періодики НБ 07/05/2020 27 (1122)   050 С37 216217038 07/05/2020 07/05/2020 Номер газети
    Universal Decimal Classification     ВП - Відділ періодики НБ ВП - Відділ періодики НБ 07/05/2020 28 (1123)   050 С37 216217039 07/05/2020 07/05/2020 Номер газети
    Universal Decimal Classification     ВП - Відділ періодики НБ ВП - Відділ періодики НБ 07/05/2020 29 (1124)   050 С37 216217040 07/05/2020 07/05/2020 Номер газети
    Universal Decimal Classification     ВП - Відділ періодики НБ ВП - Відділ періодики НБ 07/05/2020 30 (1125)   050 С37 216217041 07/05/2020 07/05/2020 Номер газети
    Universal Decimal Classification     ВП - Відділ періодики НБ ВП - Відділ періодики НБ 07/05/2020 31 (1126)   050 С37 216217042 07/05/2020 07/05/2020 Номер газети
    Universal Decimal Classification     ВП - Відділ періодики НБ ВП - Відділ періодики НБ 07/05/2020 32 (1127)   050 С37 216217043 07/05/2020 07/05/2020 Номер газети
    Universal Decimal Classification     ВП - Відділ періодики НБ ВП - Відділ періодики НБ 07/05/2020 33 (1128)   050 С37 216217044 07/05/2020 07/05/2020 Номер газети
    Universal Decimal Classification     ВП - Відділ періодики НБ ВП - Відділ періодики НБ 07/05/2020 34 (1129)   050 С37 216217045 07/05/2020 07/05/2020 Номер газети
    Universal Decimal Classification     ВП - Відділ періодики НБ ВП - Відділ періодики НБ 07/05/2020 35 (1130)   050 С37 216217046 07/05/2020 07/05/2020 Номер газети
    Universal Decimal Classification     ВП - Відділ періодики НБ ВП - Відділ періодики НБ 07/05/2020 36 (1131)   050 С37 216217047 07/05/2020 07/05/2020 Номер газети
    Universal Decimal Classification     ВП - Відділ періодики НБ ВП - Відділ періодики НБ 07/05/2020 37 (1132)   050 С37 216217048 07/05/2020 07/05/2020 Номер газети
    Universal Decimal Classification     ВП - Відділ періодики НБ ВП - Відділ періодики НБ 07/05/2020 38 (1133)   050 С37 216217049 07/05/2020 07/05/2020 Номер газети
    Universal Decimal Classification     ВП - Відділ періодики НБ ВП - Відділ періодики НБ 07/05/2020 39 (1134)   050 С37 216217050 07/05/2020 07/05/2020 Номер газети
    Universal Decimal Classification     ВП - Відділ періодики НБ ВП - Відділ періодики НБ 07/05/2020 40 (1135)   050 С37 216217051 07/05/2020 07/05/2020 Номер газети
    Universal Decimal Classification     ВП - Відділ періодики НБ ВП - Відділ періодики НБ 07/05/2020 41 (1136)   050 С37 216217052 07/05/2020 07/05/2020 Номер газети
    Universal Decimal Classification     ВП - Відділ періодики НБ ВП - Відділ періодики НБ 07/05/2020 42 (1137)   050 С37 216217053 07/05/2020 07/05/2020 Номер газети
    Universal Decimal Classification     ВП - Відділ періодики НБ ВП - Відділ періодики НБ 07/05/2020 43 (1138)   050 С37 216217054 07/05/2020 07/05/2020 Номер газети
    Universal Decimal Classification     ВП - Відділ періодики НБ ВП - Відділ періодики НБ 07/05/2020 44 (1139)   050 С37 216217055 07/05/2020 07/05/2020 Номер газети
    Universal Decimal Classification     ВП - Відділ періодики НБ ВП - Відділ періодики НБ 07/05/2020 45 (1140)   050 С37 216217056 07/05/2020 07/05/2020 Номер газети
    Universal Decimal Classification     ВП - Відділ періодики НБ ВП - Відділ періодики НБ 07/05/2020 46 (1141)   050 С37 216217057 07/05/2020 07/05/2020 Номер газети
    Universal Decimal Classification     ВП - Відділ періодики НБ ВП - Відділ періодики НБ 07/05/2020 47 (1142)   050 С37 216217058 07/05/2020 07/05/2020 Номер газети
    Universal Decimal Classification     ВП - Відділ періодики НБ ВП - Відділ періодики НБ 07/05/2020 48 (1143)   050 С37 216217059 07/05/2020 07/05/2020 Номер газети
    Universal Decimal Classification     ВП - Відділ періодики НБ ВП - Відділ періодики НБ 07/05/2020 49 (1144)   050 С37 216217060 07/05/2020 07/05/2020 Номер газети
    Universal Decimal Classification     ВП - Відділ періодики НБ ВП - Відділ періодики НБ 07/05/2020 50 (1145)   050 С37 216217061 07/05/2020 07/05/2020 Номер газети
    Universal Decimal Classification     ВП - Відділ періодики НБ ВП - Відділ періодики НБ 07/05/2020 51 (1146)   050 С37 216217062 07/05/2020 07/05/2020 Номер газети
    Universal Decimal Classification     ВП - Відділ періодики НБ ВП - Відділ періодики НБ 07/05/2020 1 (1148)   050 С37 216217063 07/05/2020 07/05/2020 Номер газети
    Universal Decimal Classification     ВП - Відділ періодики НБ ВП - Відділ періодики НБ 07/05/2020 2 (1149)   050 С37 216217064 07/05/2020 07/05/2020 Номер газети
    Universal Decimal Classification     ВП - Відділ періодики НБ ВП - Відділ періодики НБ 07/05/2020 3 (1150)   050 С37 216217065 07/05/2020 07/05/2020 Номер газети
    Universal Decimal Classification     ВП - Відділ періодики НБ ВП - Відділ періодики НБ 07/05/2020 4 (1151)   050 С37 216217066 07/05/2020 07/05/2020 Номер газети
    Universal Decimal Classification     ВП - Відділ періодики НБ ВП - Відділ періодики НБ 07/05/2020 5 (1152)   050 С37 216217067 07/05/2020 07/05/2020 Номер газети
    Universal Decimal Classification     ВП - Відділ періодики НБ ВП - Відділ періодики НБ 07/05/2020 6 (1153)   050 С37 216217068 07/05/2020 07/05/2020 Номер газети
    Universal Decimal Classification     ВП - Відділ періодики НБ ВП - Відділ періодики НБ 07/05/2020 7 (1154)   050 С37 216217069 07/05/2020 07/05/2020 Номер газети
    Universal Decimal Classification     ВП - Відділ періодики НБ ВП - Відділ періодики НБ 07/05/2020 8 (1155)   050 С37 216217070 07/05/2020 07/05/2020 Номер газети
    Universal Decimal Classification     ВП - Відділ періодики НБ ВП - Відділ періодики НБ 07/05/2020 9 (1156)   050 С37 216217071 07/05/2020 07/05/2020 Номер газети
    Universal Decimal Classification     ВП - Відділ періодики НБ ВП - Відділ періодики НБ 07/05/2020 10 (1157)   050 С37 216217072 07/05/2020 07/05/2020 Номер газети
    Universal Decimal Classification     ВП - Відділ періодики НБ ВП - Відділ періодики НБ 07/05/2020 11 (1158)   050 С37 216217073 07/05/2020 07/05/2020 Номер газети
    Universal Decimal Classification     ВП - Відділ періодики НБ ВП - Відділ періодики НБ 07/05/2020 12 (1159)   050 С37 216217074 07/05/2020 07/05/2020 Номер газети
    Universal Decimal Classification     ВП - Відділ періодики НБ ВП - Відділ періодики НБ 07/05/2020 13 (1160)   050 С37 216217075 07/05/2020 07/05/2020 Номер газети
    Universal Decimal Classification     ВП - Відділ періодики НБ ВП - Відділ періодики НБ 07/05/2020 14 (1161)   050 С37 216217076 07/05/2020 07/05/2020 Номер газети
    Universal Decimal Classification     ВП - Відділ періодики НБ ВП - Відділ періодики НБ 07/05/2020 15 (1162)   050 С37 216217077 07/05/2020 07/05/2020 Номер газети
    Universal Decimal Classification     ВП - Відділ періодики НБ ВП - Відділ періодики НБ 07/05/2020 16 (1163)   050 С37 216217078 07/05/2020 07/05/2020 Номер газети
    Universal Decimal Classification     ВП - Відділ періодики НБ ВП - Відділ періодики НБ 07/05/2020 17 (1164)   050 С37 216217079 07/05/2020 07/05/2020 Номер газети
    Universal Decimal Classification     ВП - Відділ періодики НБ ВП - Відділ періодики НБ 07/05/2020 18 (1165)   050 С37 216217080 07/05/2020 07/05/2020 Номер газети
    Universal Decimal Classification     ВП - Відділ періодики НБ ВП - Відділ періодики НБ 07/05/2020 19 (1166)   050 С37 216217081 07/05/2020 07/05/2020 Номер газети
    Universal Decimal Classification     ВП - Відділ періодики НБ ВП - Відділ періодики НБ 07/05/2020 20 (1167)   050 С37 216217082 07/05/2020 07/05/2020 Номер газети
    Universal Decimal Classification     ВП - Відділ періодики НБ ВП - Відділ періодики НБ 07/05/2020 21 (1168)   050 С37 216217083 07/05/2020 07/05/2020 Номер газети
    Universal Decimal Classification     ВП - Відділ періодики НБ ВП - Відділ періодики НБ 07/05/2020 22 (1169)   050 С37 216217084 07/05/2020 07/05/2020 Номер газети
    Universal Decimal Classification     ВП - Відділ періодики НБ ВП - Відділ періодики НБ 07/05/2020 23 (1170)   050 С37 216217085 07/05/2020 07/05/2020 Номер газети
    Universal Decimal Classification     ВП - Відділ періодики НБ ВП - Відділ періодики НБ 07/05/2020 24 (1171)   050 С37 216217086 07/05/2020 07/05/2020 Номер газети
    Universal Decimal Classification     ВП - Відділ періодики НБ ВП - Відділ періодики НБ 07/05/2020 25 (1172)   050 С37 216217087 07/05/2020 07/05/2020 Номер газети
    Universal Decimal Classification     ВП - Відділ періодики НБ ВП - Відділ періодики НБ 07/05/2020 26 (1173)   050 С37 216217088 07/05/2020 07/05/2020 Номер газети
    Universal Decimal Classification     ВП - Відділ періодики НБ ВП - Відділ періодики НБ 07/05/2020 27 (1174)   050 С37 216217089 07/05/2020 07/05/2020 Номер газети
    Universal Decimal Classification     ВП - Відділ періодики НБ ВП - Відділ періодики НБ 07/05/2020 28 (1175)   050 С37 216217090 07/05/2020 07/05/2020 Номер газети
    Universal Decimal Classification     ВП - Відділ періодики НБ ВП - Відділ періодики НБ 07/05/2020 29 (1176)   050 С37 216217091 07/05/2020 07/05/2020 Номер газети
    Universal Decimal Classification     ВП - Відділ періодики НБ ВП - Відділ періодики НБ 07/05/2020 30 (1177)   050 С37 216217092 07/05/2020 07/05/2020 Номер газети
    Universal Decimal Classification     ВП - Відділ періодики НБ ВП - Відділ періодики НБ 07/05/2020 31 (1178)   050 С37 216217093 07/05/2020 07/05/2020 Номер газети
    Universal Decimal Classification     ВП - Відділ періодики НБ ВП - Відділ періодики НБ 07/05/2020 32 (1179)   050 С37 216217094 07/05/2020 07/05/2020 Номер газети
    Universal Decimal Classification     ВП - Відділ періодики НБ ВП - Відділ періодики НБ 07/05/2020 33 (1180)   050 С37 216217095 07/05/2020 07/05/2020 Номер газети
    Universal Decimal Classification     ВП - Відділ періодики НБ ВП - Відділ періодики НБ 07/05/2020 34 (1181)   050 С37 216217096 07/05/2020 07/05/2020 Номер газети
    Universal Decimal Classification     ВП - Відділ періодики НБ ВП - Відділ періодики НБ 07/05/2020 35 (1182)   050 С37 216217097 07/05/2020 07/05/2020 Номер газети
    Universal Decimal Classification     ВП - Відділ періодики НБ ВП - Відділ періодики НБ 07/05/2020 36 (1183)   050 С37 216217098 07/05/2020 07/05/2020 Номер газети
    Universal Decimal Classification     ВП - Відділ періодики НБ ВП - Відділ періодики НБ 07/05/2020 37 (1184)   050 С37 216217099 07/05/2020 07/05/2020 Номер газети
    Universal Decimal Classification     ВП - Відділ періодики НБ ВП - Відділ періодики НБ 07/05/2020 38 (1185)   050 С37 216217100 07/05/2020 07/05/2020 Номер газети
    Universal Decimal Classification     ВП - Відділ періодики НБ ВП - Відділ періодики НБ 07/05/2020 39 (1186)   050 С37 216217101 07/05/2020 07/05/2020 Номер газети
    Universal Decimal Classification     ВП - Відділ періодики НБ ВП - Відділ періодики НБ 07/05/2020 40 (1187)   050 С37 216217102 07/05/2020 07/05/2020 Номер газети
    Universal Decimal Classification     ВП - Відділ періодики НБ ВП - Відділ періодики НБ 07/05/2020 41 (1188)   050 С37 216217103 07/05/2020 07/05/2020 Номер газети
    Universal Decimal Classification     ВП - Відділ періодики НБ ВП - Відділ періодики НБ 07/05/2020 42 (1189)   050 С37 216217104 07/05/2020 07/05/2020 Номер газети
    Universal Decimal Classification     ВП - Відділ періодики НБ ВП - Відділ періодики НБ 07/05/2020 43 (1190)   050 С37 216217105 07/05/2020 07/05/2020 Номер газети
    Universal Decimal Classification     ВП - Відділ періодики НБ ВП - Відділ періодики НБ 07/05/2020 44 (1191)   050 С37 216217106 07/05/2020 07/05/2020 Номер газети
    Universal Decimal Classification     ВП - Відділ періодики НБ ВП - Відділ періодики НБ 07/05/2020 45 (1192)   050 С37 216217107 07/05/2020 07/05/2020 Номер газети
    Universal Decimal Classification     ВП - Відділ періодики НБ ВП - Відділ періодики НБ 07/05/2020 46 (1193)   050 С37 216217108 07/05/2020 07/05/2020 Номер газети
    Universal Decimal Classification     ВП - Відділ періодики НБ ВП - Відділ періодики НБ 07/05/2020 47 (1194)   050 С37 216217109 07/05/2020 07/05/2020 Номер газети
    Universal Decimal Classification     ВП - Відділ періодики НБ ВП - Відділ періодики НБ 07/05/2020 48 (1195)   050 С37 216217110 07/05/2020 07/05/2020 Номер газети
    Universal Decimal Classification     ВП - Відділ періодики НБ ВП - Відділ періодики НБ 07/05/2020 49 (1196)   050 С37 216217111 07/05/2020 07/05/2020 Номер газети
    Universal Decimal Classification     ВП - Відділ періодики НБ ВП - Відділ періодики НБ 07/05/2020 50 (1197)   050 С37 216217112 07/05/2020 07/05/2020 Номер газети
    Universal Decimal Classification     ВП - Відділ періодики НБ ВП - Відділ періодики НБ 07/05/2020 51 (1198)   050 С37 216217113 07/05/2020 07/05/2020 Номер газети
    Universal Decimal Classification     ВП - Відділ періодики НБ ВП - Відділ періодики НБ 07/05/2020 1 (1200)   050 С37 216217114 07/05/2020 07/05/2020 Номер газети
    Universal Decimal Classification     ВП - Відділ періодики НБ ВП - Відділ періодики НБ 07/05/2020 2 (1201)   050 С37 216217115 07/05/2020 07/05/2020 Номер газети
    Universal Decimal Classification     ВП - Відділ періодики НБ ВП - Відділ періодики НБ 07/05/2020 3 (1202)   050 С37 216217116 07/05/2020 07/05/2020 Номер газети
    Universal Decimal Classification     ВП - Відділ періодики НБ ВП - Відділ періодики НБ 07/05/2020 4 (1203)   050 С37 216217117 07/05/2020 07/05/2020 Номер газети
    Universal Decimal Classification     ВП - Відділ періодики НБ ВП - Відділ періодики НБ 07/05/2020 5 (1204)   050 С37 216217118 07/05/2020 07/05/2020 Номер газети
    Universal Decimal Classification     ВП - Відділ періодики НБ ВП - Відділ періодики НБ 07/05/2020 6 (1205)   050 С37 216217119 07/05/2020 07/05/2020 Номер газети
    Universal Decimal Classification     ВП - Відділ періодики НБ ВП - Відділ періодики НБ 07/05/2020 7 (1206)   050 С37 216217120 07/05/2020 07/05/2020 Номер газети
    Universal Decimal Classification     ВП - Відділ періодики НБ ВП - Відділ періодики НБ 07/05/2020 8 (1207)   050 С37 216217121 07/05/2020 07/05/2020 Номер газети
    Universal Decimal Classification     ВП - Відділ періодики НБ ВП - Відділ періодики НБ 07/05/2020 9 (1208)   050 С37 216217122 07/05/2020 07/05/2020 Номер газети
    Universal Decimal Classification     ВП - Відділ періодики НБ ВП - Відділ періодики НБ 07/05/2020 10 (1209)   050 С37 216217123 07/05/2020 07/05/2020 Номер газети
    Universal Decimal Classification     ВП - Відділ періодики НБ ВП - Відділ періодики НБ 07/05/2020 11 (1210)   050 С37 216217124 07/05/2020 07/05/2020 Номер газети
    Universal Decimal Classification     ВП - Відділ періодики НБ ВП - Відділ періодики НБ 07/05/2020 12 (1211)   050 С37 216217125 07/05/2020 07/05/2020 Номер газети
    Universal Decimal Classification     ВП - Відділ періодики НБ ВП - Відділ періодики НБ 07/05/2020 13 (1212)   050 С37 216217126 07/05/2020 07/05/2020 Номер газети
    Universal Decimal Classification     ВП - Відділ періодики НБ ВП - Відділ періодики НБ 07/05/2020 14 (1213)   050 С37 216217127 07/05/2020 07/05/2020 Номер газети
    Universal Decimal Classification     ВП - Відділ періодики НБ ВП - Відділ періодики НБ 07/05/2020 15 (1214)   050 С37 216217128 07/05/2020 07/05/2020 Номер газети
    Universal Decimal Classification     ВП - Відділ періодики НБ ВП - Відділ періодики НБ 07/05/2020 16 (1215)   050 С37 216217129 07/05/2020 07/05/2020 Номер газети
    Universal Decimal Classification     ВП - Відділ періодики НБ ВП - Відділ періодики НБ 07/05/2020 17 (1216)   050 С37 216217130 07/05/2020 07/05/2020 Номер газети
    Universal Decimal Classification     ВП - Відділ періодики НБ ВП - Відділ періодики НБ 07/05/2020 18 (1217)   050 С37 216217131 07/05/2020 07/05/2020 Номер газети
    Universal Decimal Classification     ВП - Відділ періодики НБ ВП - Відділ періодики НБ 07/05/2020 19 (1218)   050 С37 216217132 07/05/2020 07/05/2020 Номер газети
    Universal Decimal Classification     ВП - Відділ періодики НБ ВП - Відділ періодики НБ 07/05/2020 20 (1219)   050 С37 216217133 07/05/2020 07/05/2020 Номер газети
    Universal Decimal Classification     ВП - Відділ періодики НБ ВП - Відділ періодики НБ 07/05/2020 21 (1220)   050 С37 216217134 07/05/2020 07/05/2020 Номер газети
    Universal Decimal Classification     ВП - Відділ періодики НБ ВП - Відділ періодики НБ 07/05/2020 22 (1221)   050 С37 216217135 07/05/2020 07/05/2020 Номер газети
    Universal Decimal Classification     ВП - Відділ періодики НБ ВП - Відділ періодики НБ 07/05/2020 23 (1222)   050 С37 216217136 07/05/2020 07/05/2020 Номер газети
    Universal Decimal Classification     ВП - Відділ періодики НБ ВП - Відділ періодики НБ 07/05/2020 24 (1223)   050 С37 216217137 07/05/2020 07/05/2020 Номер газети
    Universal Decimal Classification     ВП - Відділ періодики НБ ВП - Відділ періодики НБ 07/05/2020 25 (1224)   050 С37 216217138 07/05/2020 07/05/2020 Номер газети
    Universal Decimal Classification     ВП - Відділ періодики НБ ВП - Відділ періодики НБ 07/05/2020 26 (1225)   050 С37 216217139 07/05/2020 07/05/2020 Номер газети
    Universal Decimal Classification     ВП - Відділ періодики НБ ВП - Відділ періодики НБ 07/05/2020 27 (1226)   050 С37 216217140 07/05/2020 07/05/2020 Номер газети
    Universal Decimal Classification     ВП - Відділ періодики НБ ВП - Відділ періодики НБ 07/05/2020 28 (1227)   050 С37 216217141 07/05/2020 07/05/2020 Номер газети
    Universal Decimal Classification     ВП - Відділ періодики НБ ВП - Відділ періодики НБ 07/05/2020 29 (1228)   050 С37 216217142 07/05/2020 07/05/2020 Номер газети
    Universal Decimal Classification     ВП - Відділ періодики НБ ВП - Відділ періодики НБ 07/05/2020 30 (1229)   050 С37 216217143 07/05/2020 07/05/2020 Номер газети
    Universal Decimal Classification     ВП - Відділ періодики НБ ВП - Відділ періодики НБ 07/05/2020 31 (1230)   050 С37 216217144 07/05/2020 07/05/2020 Номер газети
    Universal Decimal Classification     ВП - Відділ періодики НБ ВП - Відділ періодики НБ 07/05/2020 32 (1231)   050 С37 216217145 07/05/2020 07/05/2020 Номер газети
    Universal Decimal Classification     ВП - Відділ періодики НБ ВП - Відділ періодики НБ 07/05/2020 33 (1232)   050 С37 216217146 07/05/2020 07/05/2020 Номер газети
    Universal Decimal Classification     ВП - Відділ періодики НБ ВП - Відділ періодики НБ 07/05/2020 34 (1233)   050 С37 216217147 07/05/2020 07/05/2020 Номер газети
    Universal Decimal Classification     ВП - Відділ періодики НБ ВП - Відділ періодики НБ 07/05/2020 35 (1234)   050 С37 216217148 07/05/2020 07/05/2020 Номер газети
    Universal Decimal Classification     ВП - Відділ періодики НБ ВП - Відділ періодики НБ 07/05/2020 36 (1235)   050 С37 216217149 07/05/2020 07/05/2020 Номер газети
    Universal Decimal Classification     ВП - Відділ періодики НБ ВП - Відділ періодики НБ 07/05/2020 37 (1236)   050 С37 216217150 07/05/2020 07/05/2020 Номер газети
    Universal Decimal Classification     ВП - Відділ періодики НБ ВП - Відділ періодики НБ 07/05/2020 38 (1237)   050 С37 216217151 07/05/2020 07/05/2020 Номер газети
    Universal Decimal Classification     ВП - Відділ періодики НБ ВП - Відділ періодики НБ 07/05/2020 39 (1238)   050 С37 216217152 07/05/2020 07/05/2020 Номер газети
    Universal Decimal Classification     ВП - Відділ періодики НБ ВП - Відділ періодики НБ 07/05/2020 40 (1239)   050 С37 216217153 07/05/2020 07/05/2020 Номер газети
    Universal Decimal Classification     ВП - Відділ періодики НБ ВП - Відділ періодики НБ 07/05/2020 41 (1240)   050 С37 216217154 07/05/2020 07/05/2020 Номер газети
    Universal Decimal Classification     ВП - Відділ періодики НБ ВП - Відділ періодики НБ 07/05/2020 42 (1241)   050 С37 216217155 07/05/2020 07/05/2020 Номер газети
    Universal Decimal Classification     ВП - Відділ періодики НБ ВП - Відділ періодики НБ 07/05/2020 43 (1242)   050 С37 216217156 07/05/2020 07/05/2020 Номер газети
    Universal Decimal Classification     ВП - Відділ періодики НБ ВП - Відділ періодики НБ 07/05/2020 44 (1243)   050 С37 216217157 07/05/2020 07/05/2020 Номер газети
    Universal Decimal Classification     ВП - Відділ періодики НБ ВП - Відділ періодики НБ 07/05/2020 45 (1244)   050 С37 216217158 07/05/2020 07/05/2020 Номер газети
    Universal Decimal Classification     ВП - Відділ періодики НБ ВП - Відділ періодики НБ 07/05/2020 46 (1245)   050 С37 216217159 07/05/2020 07/05/2020 Номер газети
    Universal Decimal Classification     ВП - Відділ періодики НБ ВП - Відділ періодики НБ 07/05/2020 47 (1246)   050 С37 216217160 07/05/2020 07/05/2020 Номер газети
    Universal Decimal Classification     ВП - Відділ періодики НБ ВП - Відділ періодики НБ 07/05/2020 48 (1247)   050 С37 216217161 07/05/2020 07/05/2020 Номер газети
    Universal Decimal Classification     ВП - Відділ періодики НБ ВП - Відділ періодики НБ 07/05/2020 49 (1248)   050 С37 216217162 07/05/2020 07/05/2020 Номер газети
    Universal Decimal Classification     ВП - Відділ періодики НБ ВП - Відділ періодики НБ 07/05/2020 50 (1249)   050 С37 216217163 07/05/2020 07/05/2020 Номер газети
    Universal Decimal Classification     ВП - Відділ періодики НБ ВП - Відділ періодики НБ 07/05/2020 1(1252)   050 С37 216217164 07/05/2020 07/05/2020 Номер газети
    Universal Decimal Classification     ВП - Відділ періодики НБ ВП - Відділ періодики НБ 07/05/2020 2 (1253)   050 С37 216217165 07/05/2020 07/05/2020 Номер газети
    Universal Decimal Classification     ВП - Відділ періодики НБ ВП - Відділ періодики НБ 07/05/2020 3 (1254)   050 С37 216217166 07/05/2020 07/05/2020 Номер газети
    Universal Decimal Classification     ВП - Відділ періодики НБ ВП - Відділ періодики НБ 07/05/2020 4 (1255)   050 С37 216217167 07/05/2020 07/05/2020 Номер газети
    Universal Decimal Classification     ВП - Відділ періодики НБ ВП - Відділ періодики НБ 07/05/2020 5 (1256)   050 С37 216217168 07/05/2020 07/05/2020 Номер газети
    Universal Decimal Classification     ВП - Відділ періодики НБ ВП - Відділ періодики НБ 07/05/2020 6 (1257)   050 С37 216217169 07/05/2020 07/05/2020 Номер газети
    Universal Decimal Classification     ВП - Відділ періодики НБ ВП - Відділ періодики НБ 07/05/2020 7 (1258)   050 С37 216217170 07/05/2020 07/05/2020 Номер газети
    Universal Decimal Classification     ВП - Відділ періодики НБ ВП - Відділ періодики НБ 07/05/2020 8 (1259)   050 С37 216217171 07/05/2020 07/05/2020 Номер газети
    Universal Decimal Classification     ВП - Відділ періодики НБ ВП - Відділ періодики НБ 07/05/2020 9 (1260)   050 С37 216217172 07/05/2020 07/05/2020 Номер газети
    Universal Decimal Classification     ВП - Відділ періодики НБ ВП - Відділ періодики НБ 07/05/2020 10 (1261)   050 С37 216217173 07/05/2020 07/05/2020 Номер газети
    Universal Decimal Classification     ВП - Відділ періодики НБ ВП - Відділ періодики НБ 07/05/2020 11 (1262)   050 С37 216217174 07/05/2020 07/05/2020 Номер газети
    Universal Decimal Classification     ВП - Відділ періодики НБ ВП - Відділ періодики НБ 07/05/2020 12 (1263)   050 С37 216217175 07/05/2020 07/05/2020 Номер газети
    Universal Decimal Classification     ВП - Відділ періодики НБ ВП - Відділ періодики НБ 07/05/2020 13 (1264)   050 С37 216217176 07/05/2020 07/05/2020 Номер газети
    Universal Decimal Classification     ВП - Відділ періодики НБ ВП - Відділ періодики НБ 07/05/2020 14 (1265)   050 С37 216217177 07/05/2020 07/05/2020 Номер газети
    Universal Decimal Classification     ВП - Відділ періодики НБ ВП - Відділ періодики НБ 07/05/2020 15 (1266)   050 С37 216217178 07/05/2020 07/05/2020 Номер газети
    Universal Decimal Classification     ВП - Відділ періодики НБ ВП - Відділ періодики НБ 07/05/2020 16 (1267)   050 С37 216217179 07/05/2020 07/05/2020 Номер газети
    Universal Decimal Classification     ВП - Відділ періодики НБ ВП - Відділ періодики НБ 07/05/2020 17 (1268)   050 С37 216217180 07/05/2020 07/05/2020 Номер газети
    Universal Decimal Classification     ВП - Відділ періодики НБ ВП - Відділ періодики НБ 07/05/2020 18 (1269)   050 С37 216217181 07/05/2020 07/05/2020 Номер газети
    Universal Decimal Classification     ВП - Відділ періодики НБ ВП - Відділ періодики НБ 07/05/2020 19 (1270)   050 С37 216217182 07/05/2020 07/05/2020 Номер газети
    Universal Decimal Classification     ВП - Відділ періодики НБ ВП - Відділ періодики НБ 07/05/2020 20 (1271)   050 С37 216217183 07/05/2020 07/05/2020 Номер газети
    Universal Decimal Classification     ВП - Відділ періодики НБ ВП - Відділ періодики НБ 07/05/2020 21 (1272)   050 С37 216217184 07/05/2020 07/05/2020 Номер газети
    Universal Decimal Classification     ВП - Відділ періодики НБ ВП - Відділ періодики НБ 07/05/2020 22 (1273)   050 С37 216217185 07/05/2020 07/05/2020 Номер газети
    Universal Decimal Classification     ВП - Відділ періодики НБ ВП - Відділ періодики НБ 07/05/2020 23 (1274)   050 С37 216217186 07/05/2020 07/05/2020 Номер газети
    Universal Decimal Classification     ВП - Відділ періодики НБ ВП - Відділ періодики НБ 07/05/2020 24 (1275)   050 С37 216217187 07/05/2020 07/05/2020 Номер газети
    Universal Decimal Classification     ВП - Відділ періодики НБ ВП - Відділ періодики НБ 07/05/2020 25 (1276)   050 С37 216217188 07/05/2020 07/05/2020 Номер газети
    Universal Decimal Classification     ВП - Відділ періодики НБ ВП - Відділ періодики НБ 07/05/2020 26 (1277)   050 С37 216217189 07/05/2020 07/05/2020 Номер газети
    Universal Decimal Classification     ВП - Відділ періодики НБ ВП - Відділ періодики НБ 07/05/2020 27 (1278)   050 С37 216217190 07/05/2020 07/05/2020 Номер газети
    Universal Decimal Classification     ВП - Відділ періодики НБ ВП - Відділ періодики НБ 07/05/2020 28 (1279)   050 С37 216217191 07/05/2020 07/05/2020 Номер газети
    Universal Decimal Classification     ВП - Відділ періодики НБ ВП - Відділ періодики НБ 07/05/2020 29 (1280)   050 С37 216217192 07/05/2020 07/05/2020 Номер газети
    Universal Decimal Classification     ВП - Відділ періодики НБ ВП - Відділ періодики НБ 07/05/2020 30 (1281)   050 С37 216217193 07/05/2020 07/05/2020 Номер газети
    Universal Decimal Classification     ВП - Відділ періодики НБ ВП - Відділ періодики НБ 07/05/2020 31 (1282)   050 С37 216217194 07/05/2020 07/05/2020 Номер газети
    Universal Decimal Classification     ВП - Відділ періодики НБ ВП - Відділ періодики НБ 07/05/2020 32 (1283)   050 С37 216217195 07/05/2020 07/05/2020 Номер газети
    Universal Decimal Classification     ВП - Відділ періодики НБ ВП - Відділ періодики НБ 07/05/2020 33 (1284)   050 С37 216217196 07/05/2020 07/05/2020 Номер газети
    Universal Decimal Classification     ВП - Відділ періодики НБ ВП - Відділ періодики НБ 07/05/2020 34 (1285)   050 С37 216217197 07/05/2020 07/05/2020 Номер газети
    Universal Decimal Classification     ВП - Відділ періодики НБ ВП - Відділ періодики НБ 07/05/2020 35 (1286)   050 С37 216217198 07/05/2020 07/05/2020 Номер газети
    Universal Decimal Classification     ВП - Відділ періодики НБ ВП - Відділ періодики НБ 07/05/2020 36 (1287)   050 С37 216217199 07/05/2020 07/05/2020 Номер газети
    Universal Decimal Classification     ВП - Відділ періодики НБ ВП - Відділ періодики НБ 07/05/2020 37 (1288)   050 С37 216217200 07/05/2020 07/05/2020 Номер газети
    Universal Decimal Classification     ВП - Відділ періодики НБ ВП - Відділ періодики НБ 07/05/2020 38 (1289)   050 С37 216217201 07/05/2020 07/05/2020 Номер газети
    Universal Decimal Classification     ВП - Відділ періодики НБ ВП - Відділ періодики НБ 07/05/2020 39 (1290)   050 С37 216217202 07/05/2020 07/05/2020 Номер газети
    Universal Decimal Classification     ВП - Відділ періодики НБ ВП - Відділ періодики НБ 07/05/2020 40 (1291)   050 С37 216217203 07/05/2020 07/05/2020 Номер газети
    Universal Decimal Classification     ВП - Відділ періодики НБ ВП - Відділ періодики НБ 07/05/2020 41 (1292)   050 С37 216217204 07/05/2020 07/05/2020 Номер газети
    Universal Decimal Classification     ВП - Відділ періодики НБ ВП - Відділ періодики НБ 07/05/2020 42 (1293)   050 С37 216217205 07/05/2020 07/05/2020 Номер газети
    Universal Decimal Classification     ВП - Відділ періодики НБ ВП - Відділ періодики НБ 07/05/2020 43 (1294)   050 С37 216217206 07/05/2020 07/05/2020 Номер газети
    Universal Decimal Classification     ВП - Відділ періодики НБ ВП - Відділ періодики НБ 07/05/2020 44 (1295)   050 С37 216217207 07/05/2020 07/05/2020 Номер газети
    Universal Decimal Classification     ВП - Відділ періодики НБ ВП - Відділ періодики НБ 07/05/2020 45 (1296)   050 С37 216217208 07/05/2020 07/05/2020 Номер газети
    Universal Decimal Classification     ВП - Відділ періодики НБ ВП - Відділ періодики НБ 07/05/2020 46 (1297)   050 С37 216217209 07/05/2020 07/05/2020 Номер газети
    Universal Decimal Classification     ВП - Відділ періодики НБ ВП - Відділ періодики НБ 07/05/2020 47 (1298)   050 С37 216217210 07/05/2020 07/05/2020 Номер газети
    Universal Decimal Classification     ВП - Відділ періодики НБ ВП - Відділ періодики НБ 07/05/2020 48 (1299)   050 С37 216217211 07/05/2020 07/05/2020 Номер газети
    Universal Decimal Classification     ВП - Відділ періодики НБ ВП - Відділ періодики НБ 07/05/2020 49 (1300)   050 С37 216217212 07/05/2020 07/05/2020 Номер газети
    Universal Decimal Classification     ВП - Відділ періодики НБ ВП - Відділ періодики НБ 07/05/2020 50 (1301)   050 С37 216217213 07/05/2020 07/05/2020 Номер газети
    Universal Decimal Classification     ВП - Відділ періодики НБ ВП - Відділ періодики НБ 07/05/2020 51 (1302)   050 С37 216217214 07/05/2020 07/05/2020 Номер газети
    Universal Decimal Classification     ВП - Відділ періодики НБ ВП - Відділ періодики НБ 07/05/2020 1 (1305)   050 С37 216217215 07/05/2020 07/05/2020 Номер газети
    Universal Decimal Classification     ВП - Відділ періодики НБ ВП - Відділ періодики НБ 07/05/2020 2 (1306)   050 С37 216217216 07/05/2020 07/05/2020 Номер газети
    Universal Decimal Classification     ВП - Відділ періодики НБ ВП - Відділ періодики НБ 07/05/2020 3 (1307)   050 С37 216217217 07/05/2020 07/05/2020 Номер газети
    Universal Decimal Classification     ВП - Відділ періодики НБ ВП - Відділ періодики НБ 07/05/2020 4 (1308)   050 С37 216217218 07/05/2020 07/05/2020 Номер газети
    Universal Decimal Classification     ВП - Відділ періодики НБ ВП - Відділ періодики НБ 07/05/2020 5 (1309)   050 С37 216217219 07/05/2020 07/05/2020 Номер газети
    Universal Decimal Classification     ВП - Відділ періодики НБ ВП - Відділ періодики НБ 07/05/2020 6 (1310)   050 С37 216217220 07/05/2020 07/05/2020 Номер газети
    Universal Decimal Classification     ВП - Відділ періодики НБ ВП - Відділ періодики НБ 07/05/2020 7 (1311)   050 С37 216217221 07/05/2020 07/05/2020 Номер газети
    Universal Decimal Classification     ВП - Відділ періодики НБ ВП - Відділ періодики НБ 07/05/2020 8 (1312)   050 С37 216217222 07/05/2020 07/05/2020 Номер газети
    Universal Decimal Classification     ВП - Відділ періодики НБ ВП - Відділ періодики НБ 07/05/2020 9 (1313)   050 С37 216217223 07/05/2020 07/05/2020 Номер газети
    Universal Decimal Classification     ВП - Відділ періодики НБ ВП - Відділ періодики НБ 07/05/2020 10 (1314)   050 С37 216217224 07/05/2020 07/05/2020 Номер газети
    Universal Decimal Classification     ВП - Відділ періодики НБ ВП - Відділ періодики НБ 07/05/2020 11 (1315)   050 С37 216217225 07/05/2020 07/05/2020 Номер газети
    Universal Decimal Classification     ВП - Відділ періодики НБ ВП - Відділ періодики НБ 07/05/2020 12 (1316)   050 С37 216217226 07/05/2020 07/05/2020 Номер газети
    Universal Decimal Classification     ВП - Відділ періодики НБ ВП - Відділ періодики НБ 07/05/2020 13 (1317)   050 С37 216217227 07/05/2020 07/05/2020 Номер газети
    Universal Decimal Classification     ВП - Відділ періодики НБ ВП - Відділ періодики НБ 07/05/2020 14 (1318)   050 С37 216217228 07/05/2020 07/05/2020 Номер газети
    Universal Decimal Classification     ВП - Відділ періодики НБ ВП - Відділ періодики НБ 07/05/2020 15 (1319)   050 С37 216217229 07/05/2020 07/05/2020 Номер газети
    Universal Decimal Classification     ВП - Відділ періодики НБ ВП - Відділ періодики НБ 07/05/2020 16 (1320)   050 С37 216217230 07/05/2020 07/05/2020 Номер газети
    Universal Decimal Classification     ВП - Відділ періодики НБ ВП - Відділ періодики НБ 07/05/2020 17 (1321)   050 С37 216217231 07/05/2020 07/05/2020 Номер газети
    Universal Decimal Classification     ВП - Відділ періодики НБ ВП - Відділ періодики НБ 07/05/2020 18 (1322)   050 С37 216217232 07/05/2020 07/05/2020 Номер газети
    Universal Decimal Classification     ВП - Відділ періодики НБ ВП - Відділ періодики НБ 07/05/2020 19 (1323)   050 С37 216217233 07/05/2020 07/05/2020 Номер газети
    Universal Decimal Classification     ВП - Відділ періодики НБ ВП - Відділ періодики НБ 07/05/2020 20 (1324)   050 С37 216217234 07/05/2020 07/05/2020 Номер газети
    Universal Decimal Classification     ВП - Відділ періодики НБ ВП - Відділ періодики НБ 07/05/2020 21 (1325)   050 С37 216217235 07/05/2020 07/05/2020 Номер газети
    Universal Decimal Classification     ВП - Відділ періодики НБ ВП - Відділ періодики НБ 07/05/2020 22 (1326)   050 С37 216217236 07/05/2020 07/05/2020 Номер газети
    Universal Decimal Classification     ВП - Відділ періодики НБ ВП - Відділ періодики НБ 07/05/2020 23 (1327)   050 С37 216217237 07/05/2020 07/05/2020 Номер газети
    Universal Decimal Classification     ВП - Відділ періодики НБ ВП - Відділ періодики НБ 07/05/2020 24 (1328)   050 С37 216217238 07/05/2020 07/05/2020 Номер газети
    Universal Decimal Classification     ВП - Відділ періодики НБ ВП - Відділ періодики НБ 07/05/2020 25 (1329)   050 С37 216217239 07/05/2020 07/05/2020 Номер газети
    Universal Decimal Classification     ВП - Відділ періодики НБ ВП - Відділ періодики НБ 07/05/2020 26 (1330)   050 С37 216217240 07/05/2020 07/05/2020 Номер газети
    Universal Decimal Classification     ВП - Відділ періодики НБ ВП - Відділ періодики НБ 07/05/2020 27 (1331)   050 С37 216217241 07/05/2020 07/05/2020 Номер газети
    Universal Decimal Classification     ВП - Відділ періодики НБ ВП - Відділ періодики НБ 07/05/2020 28 (1332)   050 С37 216217242 07/05/2020 07/05/2020 Номер газети
    Universal Decimal Classification     ВП - Відділ періодики НБ ВП - Відділ періодики НБ 07/05/2020 29 (1333)   050 С37 216217243 07/05/2020 07/05/2020 Номер газети
    Universal Decimal Classification     ВП - Відділ періодики НБ ВП - Відділ періодики НБ 07/05/2020 30 (1334)   050 С37 216217244 07/05/2020 07/05/2020 Номер газети
    Universal Decimal Classification     ВП - Відділ періодики НБ ВП - Відділ періодики НБ 07/05/2020 31 (1335)   050 С37 216217245 07/05/2020 07/05/2020 Номер газети
    Universal Decimal Classification     ВП - Відділ періодики НБ ВП - Відділ періодики НБ 07/05/2020 32 (1336)   050 С37 216217246 07/05/2020 07/05/2020 Номер газети
    Universal Decimal Classification     ВП - Відділ періодики НБ ВП - Відділ періодики НБ 07/05/2020 33 (1337)   050 С37 216217247 07/05/2020 07/05/2020 Номер газети
    Universal Decimal Classification     ВП - Відділ періодики НБ ВП - Відділ періодики НБ 07/05/2020 34 (1338)   050 С37 216217248 07/05/2020 07/05/2020 Номер газети
    Universal Decimal Classification     ВП - Відділ періодики НБ ВП - Відділ періодики НБ 07/05/2020 35 (1339)   050 С37 216217249 07/05/2020 07/05/2020 Номер газети
    Universal Decimal Classification     ВП - Відділ періодики НБ ВП - Відділ періодики НБ 07/05/2020 36 (1340)   050 С37 216217250 07/05/2020 07/05/2020 Номер газети
    Universal Decimal Classification     ВП - Відділ періодики НБ ВП - Відділ періодики НБ 07/05/2020 37 (1341)   050 С37 216217251 07/05/2020 07/05/2020 Номер газети
    Universal Decimal Classification     ВП - Відділ періодики НБ ВП - Відділ періодики НБ 07/05/2020 38 (1342)   050 С37 216217252 07/05/2020 07/05/2020 Номер газети
    Universal Decimal Classification     ВП - Відділ періодики НБ ВП - Відділ періодики НБ 07/05/2020 39 (1343)   050 С37 216217253 07/05/2020 07/05/2020 Номер газети
    Universal Decimal Classification     ВП - Відділ періодики НБ ВП - Відділ періодики НБ 07/05/2020 40 (1344)   050 С37 216217254 07/05/2020 07/05/2020 Номер газети
    Universal Decimal Classification     ВП - Відділ періодики НБ ВП - Відділ періодики НБ 07/05/2020 41 (1345)   050 С37 216217255 07/05/2020 07/05/2020 Номер газети
    Universal Decimal Classification     ВП - Відділ періодики НБ ВП - Відділ періодики НБ 07/05/2020 42 (1346)   050 С37 216217256 07/05/2020 07/05/2020 Номер газети
    Universal Decimal Classification     ВП - Відділ періодики НБ ВП - Відділ періодики НБ 07/05/2020 43 (1347)   050 С37 216217257 07/05/2020 07/05/2020 Номер газети
    Universal Decimal Classification     ВП - Відділ періодики НБ ВП - Відділ періодики НБ 07/05/2020 44 (1348)   050 С37 216217258 07/05/2020 07/05/2020 Номер газети
    Universal Decimal Classification     ВП - Відділ періодики НБ ВП - Відділ періодики НБ 07/05/2020 45 (1349)   050 С37 216217259 07/05/2020 07/05/2020 Номер газети
    Universal Decimal Classification     ВП - Відділ періодики НБ ВП - Відділ періодики НБ 07/05/2020 46 (1350)   050 С37 216217260 07/05/2020 07/05/2020 Номер газети
    Universal Decimal Classification     ВП - Відділ періодики НБ ВП - Відділ періодики НБ 07/05/2020 47 (1351)   050 С37 216217261 07/05/2020 07/05/2020 Номер газети
    Universal Decimal Classification     ВП - Відділ періодики НБ ВП - Відділ періодики НБ 07/05/2020 48 (1352)   050 С37 216217262 07/05/2020 07/05/2020 Номер газети
    Universal Decimal Classification     ВП - Відділ періодики НБ ВП - Відділ періодики НБ 07/05/2020 49 (1353)   050 С37 216217263 07/05/2020 07/05/2020 Номер газети
    Universal Decimal Classification     ВП - Відділ періодики НБ ВП - Відділ періодики НБ 07/05/2020 50 (1354)   050 С37 216217264 07/05/2020 07/05/2020 Номер газети
    Universal Decimal Classification     ВП - Відділ періодики НБ ВП - Відділ періодики НБ 07/05/2020 51 (1355)   050 С37 216217265 07/05/2020 07/05/2020 Номер газети
    Universal Decimal Classification     ВП - Відділ періодики НБ ВП - Відділ періодики НБ 07/05/2020 52 (1356)   050 С37 216217266 07/05/2020 07/05/2020 Номер газети
    Universal Decimal Classification     ВП - Відділ періодики НБ ВП - Відділ періодики НБ 07/05/2020 1 (1356)   050 С37 216217267 07/05/2020 07/05/2020 Номер газети
    Universal Decimal Classification     ВП - Відділ періодики НБ ВП - Відділ періодики НБ 07/05/2020 2 (1357)   050 С37 216217268 07/05/2020 07/05/2020 Номер газети
    Universal Decimal Classification     ВП - Відділ періодики НБ ВП - Відділ періодики НБ 07/05/2020 3 (1358)   050 С37 216217269 07/05/2020 07/05/2020 Номер газети
    Universal Decimal Classification     ВП - Відділ періодики НБ ВП - Відділ періодики НБ 07/05/2020 4 (1359)   050 С37 216217270 07/05/2020 07/05/2020 Номер газети
    Universal Decimal Classification     ВП - Відділ періодики НБ ВП - Відділ періодики НБ 07/05/2020 5 (1360)   050 С37 216217271 07/05/2020 07/05/2020 Номер газети
    Universal Decimal Classification     ВП - Відділ періодики НБ ВП - Відділ періодики НБ 07/05/2020 6 (1361)   050 С37 216217272 07/05/2020 07/05/2020 Номер газети
    Universal Decimal Classification     ВП - Відділ періодики НБ ВП - Відділ періодики НБ 07/05/2020 7 (1362)   050 С37 216217273 07/05/2020 07/05/2020 Номер газети
    Universal Decimal Classification     ВП - Відділ періодики НБ ВП - Відділ періодики НБ 07/05/2020 8 (1363)   050 С37 216217274 07/05/2020 07/05/2020 Номер газети
    Universal Decimal Classification     ВП - Відділ періодики НБ ВП - Відділ періодики НБ 07/05/2020 9 (1364)   050 С37 216217275 07/05/2020 07/05/2020 Номер газети
    Universal Decimal Classification     ВП - Відділ періодики НБ ВП - Відділ періодики НБ 07/05/2020 10 (1365)   050 С37 216217276 07/05/2020 07/05/2020 Номер газети
    Universal Decimal Classification     ВП - Відділ періодики НБ ВП - Відділ періодики НБ 07/05/2020 11 (1366)   050 С37 216217277 07/05/2020 07/05/2020 Номер газети
    Universal Decimal Classification     ВП - Відділ періодики НБ ВП - Відділ періодики НБ 07/05/2020 12 (1367)   050 С37 216217278 07/05/2020 07/05/2020 Номер газети
    Universal Decimal Classification     ВП - Відділ періодики НБ ВП - Відділ періодики НБ 07/05/2020 13 (1368)   050 С37 216217279 07/05/2020 07/05/2020 Номер газети
    Universal Decimal Classification     ВП - Відділ періодики НБ ВП - Відділ періодики НБ 07/05/2020 14 (1369)   050 С37 216217280 07/05/2020 07/05/2020 Номер газети
    Universal Decimal Classification     ВП - Відділ періодики НБ ВП - Відділ періодики НБ 07/05/2020 15 (1370)   050 С37 216217281 07/05/2020 07/05/2020 Номер газети
    Universal Decimal Classification     ВП - Відділ періодики НБ ВП - Відділ періодики НБ 07/05/2020 16 (1371)   050 С37 216217282 07/05/2020 07/05/2020 Номер газети
    Universal Decimal Classification     ВП - Відділ періодики НБ ВП - Відділ періодики НБ 12/05/2020 17 (1372)   050 С37 216217285 12/05/2020 12/05/2020 Номер газети
    Universal Decimal Classification     ВП - Відділ періодики НБ ВП - Відділ періодики НБ 01/06/2020 18 (1373)   050 С37 216218515 01/06/2020 01/06/2020 Номер газети
    Universal Decimal Classification     ВП - Відділ періодики НБ ВП - Відділ періодики НБ 01/06/2020 19 (1374)   050 С37 216218516 01/06/2020 01/06/2020 Номер газети
    Universal Decimal Classification     ВП - Відділ періодики НБ ВП - Відділ періодики НБ 01/06/2020 20 (1375)   050 С37 216218517 01/06/2020 01/06/2020 Номер газети
    Universal Decimal Classification     ВП - Відділ періодики НБ ВП - Відділ періодики НБ 18/06/2020 21 (1376)   050 С37 216218659 18/06/2020 18/06/2020 Номер газети
    Universal Decimal Classification     ВП - Відділ періодики НБ ВП - Відділ періодики НБ 18/06/2020 22 (1377)   050 С37 216218660 18/06/2020 18/06/2020 Номер газети
    Universal Decimal Classification     ВП - Відділ періодики НБ ВП - Відділ періодики НБ 18/06/2020 23 (1378)   050 С37 216218661 18/06/2020 18/06/2020 Номер газети
    Universal Decimal Classification     ВП - Відділ періодики НБ ВП - Відділ періодики НБ 09/07/2020 24 (1379)   050 С37 216218747 09/07/2020 09/07/2020 Номер газети
    Universal Decimal Classification     ВП - Відділ періодики НБ ВП - Відділ періодики НБ 09/07/2020 25 (1380)   050 С37 216218748 09/07/2020 09/07/2020 Номер газети
    Universal Decimal Classification     ВП - Відділ періодики НБ ВП - Відділ періодики НБ 09/07/2020 26 (1381)   050 С37 216218749 09/07/2020 09/07/2020 Номер газети
    Universal Decimal Classification     ВП - Відділ періодики НБ ВП - Відділ періодики НБ 16/07/2020 27 (1382)   050 С37 216218813 16/07/2020 16/07/2020 Номер газети
    Universal Decimal Classification     ВП - Відділ періодики НБ ВП - Відділ періодики НБ 04/08/2020 28 (1383)   050 С37 216218947 04/08/2020 04/08/2020 Номер газети
    Universal Decimal Classification     ВП - Відділ періодики НБ ВП - Відділ періодики НБ 04/08/2020 30 (1385)   050 С37 216218948 04/08/2020 04/08/2020 Номер газети
    Universal Decimal Classification     ВП - Відділ періодики НБ ВП - Відділ періодики НБ 17/08/2020 31 (1387)   050 С37 216219042 17/08/2020 17/08/2020 Номер газети
    Universal Decimal Classification     ВП - Відділ періодики НБ ВП - Відділ періодики НБ 17/08/2020 32 (1387)   050 С37 216219043 17/08/2020 17/08/2020 Номер газети
    Universal Decimal Classification     ВП - Відділ періодики НБ ВП - Відділ періодики НБ 25/08/2020 33 (1388)   050 С37 216219112 25/08/2020 25/08/2020 Номер газети
    Universal Decimal Classification     ВП - Відділ періодики НБ ВП - Відділ періодики НБ 25/08/2020 34 (1389)   050 С37 216219114 25/08/2020 25/08/2020 Номер газети
    Universal Decimal Classification     ВП - Відділ періодики НБ ВП - Відділ періодики НБ 16/09/2020 35 (1390)   050 С37 216219239 16/09/2020 16/09/2020 Номер газети
    Universal Decimal Classification     ВП - Відділ періодики НБ ВП - Відділ періодики НБ 16/09/2020 36 (1391)   050 С37 216219240 16/09/2020 16/09/2020 Номер газети
    Universal Decimal Classification     ВП - Відділ періодики НБ ВП - Відділ періодики НБ 07/10/2020 37 (1392)   050 С37 216219394 07/10/2020 07/10/2020 Номер газети
    Universal Decimal Classification     ВП - Відділ періодики НБ ВП - Відділ періодики НБ 07/10/2020 38 (1393)   050 С37 216219395 07/10/2020 07/10/2020 Номер газети
    Universal Decimal Classification     ВП - Відділ періодики НБ ВП - Відділ періодики НБ 19/10/2020 40 (1395)   050 С37 216219469 19/10/2020 19/10/2020 Номер газети
    Universal Decimal Classification     ВП - Відділ періодики НБ ВП - Відділ періодики НБ 19/10/2020 41 (1396)   050 С37 216219470 19/10/2020 19/10/2020 Номер газети
    Universal Decimal Classification     ВП - Відділ періодики НБ ВП - Відділ періодики НБ 02/11/2020 42 (1397)   050 С37 216219591 02/11/2020 02/11/2020 Номер газети
    Universal Decimal Classification     ВП - Відділ періодики НБ ВП - Відділ періодики НБ 16/11/2020 43 (1398)   050 С37 216219682 16/11/2020 16/11/2020 Номер газети
    Universal Decimal Classification     ВП - Відділ періодики НБ ВП - Відділ періодики НБ 16/11/2020 44 (1399)   050 С37 216219683 16/11/2020 16/11/2020 Номер газети
    Universal Decimal Classification     ВП - Відділ періодики НБ ВП - Відділ періодики НБ 16/11/2020 45 (1400)   050 С37 216219684 16/11/2020 16/11/2020 Номер газети
    Universal Decimal Classification     ВП - Відділ періодики НБ ВП - Відділ періодики НБ 02/12/2020 46 (1401)   050 С37 216219779 02/12/2020 02/12/2020 Номер газети
    Universal Decimal Classification     ВП - Відділ періодики НБ ВП - Відділ періодики НБ 09/02/2021 3 (1411)   050 С37 216220202 09/02/2021 09/02/2021 Номер газети
    Universal Decimal Classification     ВП - Відділ періодики НБ ВП - Відділ періодики НБ 09/02/2021 4 (1412)   050 С37 216220203 09/02/2021 09/02/2021 Номер газети
    Universal Decimal Classification     ВП - Відділ періодики НБ ВП - Відділ періодики НБ 02/03/2021 6 (1414)   050 С37 216220313 02/03/2021 02/03/2021 Номер газети
    Universal Decimal Classification     ВП - Відділ періодики НБ ВП - Відділ періодики НБ 02/03/2021 7 (1415)   050 С37 216220314 02/03/2021 02/03/2021 Номер газети
    Universal Decimal Classification     ВП - Відділ періодики НБ ВП - Відділ періодики НБ 09/03/2021 2 (1410)   050 С37 216220334 09/03/2021 09/03/2021 Номер газети
    Universal Decimal Classification     ВП - Відділ періодики НБ ВП - Відділ періодики НБ 15/03/2021 8 (1416)   050 С37 216220410 15/03/2021 15/03/2021 Номер газети
    Universal Decimal Classification     ВП - Відділ періодики НБ ВП - Відділ періодики НБ 15/03/2021 9 (1417)   050 С37 216220411 15/03/2021 15/03/2021 Номер газети
    Universal Decimal Classification     ВП - Відділ періодики НБ ВП - Відділ періодики НБ 28/04/2021 10 (1418)   050 С37 216220619 28/04/2021 28/04/2021 Номер газети
    Universal Decimal Classification     ВП - Відділ періодики НБ ВП - Відділ періодики НБ 28/04/2021 12 (1420)   050 С37 216220620 28/04/2021 28/04/2021 Номер газети
    Universal Decimal Classification     ВП - Відділ періодики НБ ВП - Відділ періодики НБ 28/04/2021 14 (1422)   050 С37 216220621 28/04/2021 28/04/2021 Номер газети
    Universal Decimal Classification     ВП - Відділ періодики НБ ВП - Відділ періодики НБ 28/04/2021 15 (1423)   050 С37 216220622 28/04/2021 28/04/2021 Номер газети
    Universal Decimal Classification     ВП - Відділ періодики НБ ВП - Відділ періодики НБ 26/05/2021 16 (1424)   050 С37 216220771 26/05/2021 26/05/2021 Номер газети
    Universal Decimal Classification     ВП - Відділ періодики НБ ВП - Відділ періодики НБ 26/05/2021 18 (1426)   050 С37 216220772 26/05/2021 26/05/2021 Номер газети
    Universal Decimal Classification     ВП - Відділ періодики НБ ВП - Відділ періодики НБ 26/05/2021 19 (1427)   050 С37 216220773 26/05/2021 26/05/2021 Номер газети
    Universal Decimal Classification     ВП - Відділ періодики НБ ВП - Відділ періодики НБ 18/06/2021 20 (1428)   050 С37 216220880 18/06/2021 18/06/2021 Номер газети
    Universal Decimal Classification     ВП - Відділ періодики НБ ВП - Відділ періодики НБ 18/06/2021 21 (1429)   050 С37 216220881 18/06/2021 18/06/2021 Номер газети
    Universal Decimal Classification     ВП - Відділ періодики НБ ВП - Відділ періодики НБ 18/06/2021 22 (1430)   050 С37 216220882 18/06/2021 18/06/2021 Номер газети
    Universal Decimal Classification     ВП - Відділ періодики НБ ВП - Відділ періодики НБ 18/06/2021 23 (1431)   050 С37 216220883 18/06/2021 18/06/2021 Номер газети
    Universal Decimal Classification     ВП - Відділ періодики НБ ВП - Відділ періодики НБ 06/07/2021 24 (1432)   050 С37 216220947 06/07/2021 06/07/2021 Номер газети
    Universal Decimal Classification     ВП - Відділ періодики НБ ВП - Відділ періодики НБ 06/07/2021 25 (1433)   050 С37 216220948 06/07/2021 06/07/2021 Номер газети
    Universal Decimal Classification     ВП - Відділ періодики НБ ВП - Відділ періодики НБ 22/07/2021 27 (1435)   050 С37 216221077 22/07/2021 22/07/2021 Номер газети
    Universal Decimal Classification     ВП - Відділ періодики НБ ВП - Відділ періодики НБ 02/08/2021 26 (1434)   050 С37 216221138 02/08/2021 02/08/2021 Номер газети
    Universal Decimal Classification     ВП - Відділ періодики НБ ВП - Відділ періодики НБ 02/08/2021 28 (1436)   050 С37 216221139 02/08/2021 02/08/2021 Номер газети
    Universal Decimal Classification     ВП - Відділ періодики НБ ВП - Відділ періодики НБ 02/08/2021 29 (1437)   050 С37 216221140 02/08/2021 02/08/2021 Номер газети
    Universal Decimal Classification     ВП - Відділ періодики НБ ВП - Відділ періодики НБ 06/09/2021 31 (1439)   050 С37 216221184 06/09/2021 06/09/2021 Номер газети
    Universal Decimal Classification     ВП - Відділ періодики НБ ВП - Відділ періодики НБ 07/09/2021 32 (1440)   050 С37 216221275 07/09/2021 07/09/2021 Номер газети
    Universal Decimal Classification     ВП - Відділ періодики НБ ВП - Відділ періодики НБ 07/09/2021 33 (1441)   050 С37 216221276 07/09/2021 07/09/2021 Номер газети
    Universal Decimal Classification     ВП - Відділ періодики НБ ВП - Відділ періодики НБ 28/09/2021 34 (1442)   050 С37 216221410 28/09/2021 28/09/2021 Номер газети
    Universal Decimal Classification     ВП - Відділ періодики НБ ВП - Відділ періодики НБ 28/09/2021 35 (1443)   050 С37 216221411 28/09/2021 28/09/2021 Номер газети
    Universal Decimal Classification     ВП - Відділ періодики НБ ВП - Відділ періодики НБ 28/09/2021 36 (1444)   050 С37 216221412 28/09/2021 28/09/2021 Номер газети
    Universal Decimal Classification     ВП - Відділ періодики НБ ВП - Відділ періодики НБ 01/10/2021 38 (1446)   050 С37 216221429 01/10/2021 01/10/2021 Номер газети
    Universal Decimal Classification     ВП - Відділ періодики НБ ВП - Відділ періодики НБ 13/10/2021 37 (1445)   050 С37 216221493 13/10/2021 13/10/2021 Номер газети
    Universal Decimal Classification     ВП - Відділ періодики НБ ВП - Відділ періодики НБ 13/10/2021 39 (1447)   050 С37 216221494 13/10/2021 13/10/2021 Номер газети
    Universal Decimal Classification     ВП - Відділ періодики НБ ВП - Відділ періодики НБ 28/10/2021 40 (1448)   050 С37 216221540 28/10/2021 28/10/2021 Номер газети
    Universal Decimal Classification     ВП - Відділ періодики НБ ВП - Відділ періодики НБ 28/10/2021 41 (1449)   050 С37 216221541 28/10/2021 28/10/2021 Номер газети
    Universal Decimal Classification     ВП - Відділ періодики НБ ВП - Відділ періодики НБ 16/11/2021 42 (1450)   050 С37 216221652 16/11/2021 16/11/2021 Номер газети
    Universal Decimal Classification     ВП - Відділ періодики НБ ВП - Відділ періодики НБ 16/11/2021 43 (1451)   050 С37 216221653 16/11/2021 16/11/2021 Номер газети
    Universal Decimal Classification     ВП - Відділ періодики НБ ВП - Відділ періодики НБ 16/11/2021 44 (1452)   050 С37 216221654 16/11/2021 16/11/2021 Номер газети
    Universal Decimal Classification     ВП - Відділ періодики НБ ВП - Відділ періодики НБ 06/12/2021 45 (1453)   050 С37 216221756 06/12/2021 06/12/2021 Номер газети
    Universal Decimal Classification     ВП - Відділ періодики НБ ВП - Відділ періодики НБ 06/12/2021 46 (1454)   050 С37 216221757 06/12/2021 06/12/2021 Номер газети
    Universal Decimal Classification     ВП - Відділ періодики НБ ВП - Відділ періодики НБ 17/12/2021 48 (1456)   050 С37 216221810 17/12/2021 17/12/2021 Номер газети
    Universal Decimal Classification     ВП - Відділ періодики НБ ВП - Відділ періодики НБ 17/12/2021 49 (1457)   050 С37 216221811 17/12/2021 17/12/2021 Номер газети
    Universal Decimal Classification     ВП - Відділ періодики НБ ВП - Відділ періодики НБ 30/12/2021 51 (1459)   050 С37 216221880 30/12/2021 30/12/2021 Номер газети
    Universal Decimal Classification     ВП - Відділ періодики НБ ВП - Відділ періодики НБ 18/01/2022 50 (1458)   050 С37 216221941 18/01/2022 18/01/2022 Номер газети
    Universal Decimal Classification     ВП - Відділ періодики НБ ВП - Відділ періодики НБ 18/01/2022 1 (1461)   050 С37 216221942 18/01/2022 18/01/2022 Номер газети
    Universal Decimal Classification     ВП - Відділ періодики НБ ВП - Відділ періодики НБ 25/01/2022 52 (1460)   050 С37 216221995 25/01/2022 25/01/2022 Номер газети
    Universal Decimal Classification     ВП - Відділ періодики НБ ВП - Відділ періодики НБ 25/01/2022 2 (1462)   050 С37 216221996 25/01/2022 25/01/2022 Номер газети
    Universal Decimal Classification     ВП - Відділ періодики НБ ВП - Відділ періодики НБ 14/02/2022 3 (1463)   050 С37 216222094 14/02/2022 14/02/2022 Номер газети
    Universal Decimal Classification     ВП - Відділ періодики НБ ВП - Відділ періодики НБ 15/02/2022 4 (1464)   050 С37 216222107 15/02/2022 15/02/2022 Номер газети
    Universal Decimal Classification     ВП - Відділ періодики НБ ВП - Відділ періодики НБ 15/02/2022 5 (1465)   050 С37 216222108 15/02/2022 15/02/2022 Номер газети
    Universal Decimal Classification     ВП - Відділ періодики НБ ВП - Відділ періодики НБ 22/02/2022 6 (1466)   050 С37 216222169 22/02/2022 22/02/2022 Номер газети
    Universal Decimal Classification     ВП - Відділ періодики НБ ВП - Відділ періодики НБ 01/03/2022 8 (1468)   050 С37 216222186 01/03/2022 01/03/2022 Номер газети
    Universal Decimal Classification     ВП - Відділ періодики НБ ВП - Відділ періодики НБ 24/03/2022 7 (1467)   050 С37 216222218 24/03/2022 24/03/2022 Номер газети
    Universal Decimal Classification     ВП - Відділ періодики НБ ВП - Відділ періодики НБ 24/03/2022 10 (1470)   050 С37 216222219 24/03/2022 24/03/2022 Номер газети
    Universal Decimal Classification     ВП - Відділ періодики НБ ВП - Відділ періодики НБ 24/03/2022 11 (1471)   050 С37 216222220 24/03/2022 24/03/2022 Номер газети
    Universal Decimal Classification     ВП - Відділ періодики НБ ВП - Відділ періодики НБ 12/04/2022 12 (1472)   050 С37 216222246 12/04/2022 12/04/2022 Номер газети
    Universal Decimal Classification     ВП - Відділ періодики НБ ВП - Відділ періодики НБ 03/05/2022 14 (1474)   050 С37 216222271 03/05/2022 03/05/2022 Номер газети
    Universal Decimal Classification     ВП - Відділ періодики НБ ВП - Відділ періодики НБ 03/05/2022 15 (1475)   050 С37 216222272 03/05/2022 03/05/2022 Номер газети
    Universal Decimal Classification     ВП - Відділ періодики НБ ВП - Відділ періодики НБ 03/05/2022 16 (1476)   050 С37 216222273 03/05/2022 03/05/2022 Номер газети
    Universal Decimal Classification     ВП - Відділ періодики НБ ВП - Відділ періодики НБ 24/05/2022 17 (1477)   050 С37 216222370 24/05/2022 24/05/2022 Номер газети
    Universal Decimal Classification     ВП - Відділ періодики НБ ВП - Відділ періодики НБ 24/05/2022 18 (1478)   050 С37 216222371 24/05/2022 24/05/2022 Номер газети
    Universal Decimal Classification     ВП - Відділ періодики НБ ВП - Відділ періодики НБ 24/05/2022 19 (1479)   050 С37 216222372 24/05/2022 24/05/2022 Номер газети
    Universal Decimal Classification     ВП - Відділ періодики НБ ВП - Відділ періодики НБ 31/05/2022 20 (1480)   050 С37 216222414 31/05/2022 31/05/2022 Номер газети
    Universal Decimal Classification     ВП - Відділ періодики НБ ВП - Відділ періодики НБ 21/06/2022 21 (1481)   050 С37 216222517 21/06/2022 21/06/2022 Номер газети
    Universal Decimal Classification     ВП - Відділ періодики НБ ВП - Відділ періодики НБ 21/06/2022 22 (1482)   050 С37 216222518 21/06/2022 21/06/2022 Номер газети
    Universal Decimal Classification     ВП - Відділ періодики НБ ВП - Відділ періодики НБ 21/06/2022 23 (1483)   050 С37 216222519 21/06/2022 21/06/2022 Номер газети
    Universal Decimal Classification     ВП - Відділ періодики НБ ВП - Відділ періодики НБ 12/07/2022 27 (1487)   050 С37 216222584 12/07/2022 12/07/2022 Номер газети
    Universal Decimal Classification     ВП - Відділ періодики НБ ВП - Відділ періодики НБ 02/08/2022 24 (1484)   050 С37 216222684 02/08/2022 02/08/2022 Номер газети
    Universal Decimal Classification     ВП - Відділ періодики НБ ВП - Відділ періодики НБ 02/08/2022 25 (1485)   050 С37 216222685 02/08/2022 02/08/2022 Номер газети
    Universal Decimal Classification     ВП - Відділ періодики НБ ВП - Відділ періодики НБ 02/08/2022 26 (1486)   050 С37 216222686 02/08/2022 02/08/2022 Номер газети
    Universal Decimal Classification     ВП - Відділ періодики НБ ВП - Відділ періодики НБ 02/08/2022 28 (1488)   050 С37 216222687 02/08/2022 02/08/2022 Номер газети
    Universal Decimal Classification     ВП - Відділ періодики НБ ВП - Відділ періодики НБ 01/09/2022 29 (1489)   050 С37 216222826 01/09/2022 01/09/2022 Номер газети
    Universal Decimal Classification     ВП - Відділ періодики НБ ВП - Відділ періодики НБ 01/09/2022 30 (1490)   050 С37 216222827 01/09/2022 01/09/2022 Номер газети
    Universal Decimal Classification     ВП - Відділ періодики НБ ВП - Відділ періодики НБ 06/09/2022 31 (1491)   050 С37 216222928 06/09/2022 06/09/2022 Номер газети
    Universal Decimal Classification     ВП - Відділ періодики НБ ВП - Відділ періодики НБ 06/09/2022 32 (1492)   050 С37 216222929 06/09/2022 06/09/2022 Номер газети
    Universal Decimal Classification     ВП - Відділ періодики НБ ВП - Відділ періодики НБ 06/09/2022 34 (1494)   050 С37 216222930 06/09/2022 06/09/2022 Номер газети
    Universal Decimal Classification     ВП - Відділ періодики НБ ВП - Відділ періодики НБ 14/09/2022 36 (1496)   050 С37 216222972 14/09/2022 14/09/2022 Номер газети
    Universal Decimal Classification     ВП - Відділ періодики НБ ВП - Відділ періодики НБ 11/10/2022 33 (1493)   050 С37 216223054 11/10/2022 11/10/2022 Номер газети
    Universal Decimal Classification     ВП - Відділ періодики НБ ВП - Відділ періодики НБ 11/10/2022 35 (1495)   050 С37 216223055 11/10/2022 11/10/2022 Номер газети
    Universal Decimal Classification     ВП - Відділ періодики НБ ВП - Відділ періодики НБ 11/10/2022 39 (1499)   050 С37 216223056 11/10/2022 11/10/2022 Номер газети
    Universal Decimal Classification     ВП - Відділ періодики НБ ВП - Відділ періодики НБ 11/10/2022 37 (1497)   050 С37 216223057 11/10/2022 11/10/2022 Номер газети
    Universal Decimal Classification     ВП - Відділ періодики НБ ВП - Відділ періодики НБ 11/10/2022 38 (1498)   050 С37 216223058 11/10/2022 11/10/2022 Номер газети
    Universal Decimal Classification     ВП - Відділ періодики НБ ВП - Відділ періодики НБ 03/11/2022 40 (1500)   050 С37 216223168 03/11/2022 03/11/2022 Номер газети
    Universal Decimal Classification     ВП - Відділ періодики НБ ВП - Відділ періодики НБ 03/11/2022 41 (1501)   050 С37 216223169 03/11/2022 03/11/2022 Номер газети
    Universal Decimal Classification     ВП - Відділ періодики НБ ВП - Відділ періодики НБ 13/12/2022 43 (1503)   050 С37 216223207 13/12/2022 13/12/2022 Номер газети
    Universal Decimal Classification     ВП - Відділ періодики НБ ВП - Відділ періодики НБ 13/12/2022 44 (1504)   050 С37 216223208 13/12/2022 13/12/2022 Номер газети
    Universal Decimal Classification     ВП - Відділ періодики НБ ВП - Відділ періодики НБ 13/12/2022 46 (1506)   050 С37 216223209 13/12/2022 13/12/2022 Номер газети
    Universal Decimal Classification     ВП - Відділ періодики НБ ВП - Відділ періодики НБ 04/01/2023 48 (1508)   050 С37 216223378 04/01/2023 04/01/2023 Номер газети
    Universal Decimal Classification     ВП - Відділ періодики НБ ВП - Відділ періодики НБ 04/01/2023 49 (1509)   050 С37 216223379 04/01/2023 04/01/2023 Номер газети
    Universal Decimal Classification     ВП - Відділ періодики НБ ВП - Відділ періодики НБ 15/02/2023 47 (1507)   050 С37 216223509 15/02/2023 15/02/2023 Номер газети
    Universal Decimal Classification     ВП - Відділ періодики НБ ВП - Відділ періодики НБ 15/02/2023 50 (1510)   050 С37 216223510 15/02/2023 15/02/2023 Номер газети
    Universal Decimal Classification     ВП - Відділ періодики НБ ВП - Відділ періодики НБ 15/02/2023 51 (1511)   050 С37 216223511 15/02/2023 15/02/2023 Номер газети
    Universal Decimal Classification     ВП - Відділ періодики НБ ВП - Відділ періодики НБ 08/03/2023 9 (1521)   050 С37 216223552 08/03/2023 08/03/2023 Номер газети
    Universal Decimal Classification     ВП - Відділ періодики НБ ВП - Відділ періодики НБ 30/03/2023 11 (1523)   050 С37 216223602 30/03/2023 30/03/2023 Номер газети
    Universal Decimal Classification     ВП - Відділ періодики НБ ВП - Відділ періодики НБ 04/04/2023 10 (1522)   050 С37 216223617 04/04/2023 04/04/2023 Номер газети
    Universal Decimal Classification     ВП - Відділ періодики НБ ВП - Відділ періодики НБ 04/04/2023 12 (1524)   050 С37 216223618 04/04/2023 04/04/2023 Номер газети
    Universal Decimal Classification     ВП - Відділ періодики НБ ВП - Відділ періодики НБ 19/04/2023 14 (1526)   050 С37 216223672 19/04/2023 19/04/2023 Номер газети
    Universal Decimal Classification     ВП - Відділ періодики НБ ВП - Відділ періодики НБ 09/05/2023 13 (1525)   050 С37 216223707 09/05/2023 09/05/2023 Номер газети
    Universal Decimal Classification     ВП - Відділ періодики НБ ВП - Відділ періодики НБ 09/05/2023 16 (1528)   050 С37 216223708 09/05/2023 09/05/2023 Номер газети
    Universal Decimal Classification     ВП - Відділ періодики НБ ВП - Відділ періодики НБ 22/05/2023 15 (1527)   050 С37 216223735 22/05/2023 22/05/2023 Номер газети
    Universal Decimal Classification     ВП - Відділ періодики НБ ВП - Відділ періодики НБ 22/05/2023 17 (1529)   050 С37 216223736 22/05/2023 22/05/2023 Номер газети
    Universal Decimal Classification     ВП - Відділ періодики НБ ВП - Відділ періодики НБ 22/05/2023 18 (1530)   050 С37 216223737 22/05/2023 22/05/2023 Номер газети
    Universal Decimal Classification     ВП - Відділ періодики НБ ВП - Відділ періодики НБ 04/07/2023 19 (1531)   050 С37 2162214035923860 04/07/2023 04/07/2023 Номер газети
    Universal Decimal Classification     ВП - Відділ періодики НБ ВП - Відділ періодики НБ 04/07/2023 20 (1532)   050 С37 2162214035923861 04/07/2023 04/07/2023 Номер газети
    Universal Decimal Classification     ВП - Відділ періодики НБ ВП - Відділ періодики НБ 04/07/2023 21 (1533)   050 С37 2162214035923862 04/07/2023 04/07/2023 Номер газети
    Universal Decimal Classification     ВП - Відділ періодики НБ ВП - Відділ періодики НБ 04/07/2023 22 (1534)   050 С37 2162214035923863 04/07/2023 04/07/2023 Номер газети
    Universal Decimal Classification     ВП - Відділ періодики НБ ВП - Відділ періодики НБ 04/07/2023 23 (1535)   050 С37 2162214035923864 04/07/2023 04/07/2023 Номер газети
    Universal Decimal Classification     ВП - Відділ періодики НБ ВП - Відділ періодики НБ 04/07/2023 24 (1536)   050 С37 2162214035923865 04/07/2023 04/07/2023 Номер газети
    Universal Decimal Classification     ВП - Відділ періодики НБ ВП - Відділ періодики НБ 18/07/2023 25 (1537)   050 С37 2162214035923913 18/07/2023 18/07/2023 Номер газети
    Universal Decimal Classification     ВП - Відділ періодики НБ ВП - Відділ періодики НБ 18/07/2023 26 (1538)   050 С37 2162214035923914 18/07/2023 18/07/2023 Номер газети
    Universal Decimal Classification     ВП - Відділ періодики НБ ВП - Відділ періодики НБ 18/07/2023 27 (1539)   050 С37 2162214035923915 18/07/2023 18/07/2023 Номер газети
    Universal Decimal Classification     ВП - Відділ періодики НБ ВП - Відділ періодики НБ 18/09/2023 29 (1541)   050 С37 2162214035924039 18/09/2023 18/09/2023 Номер газети
    Universal Decimal Classification     ВП - Відділ періодики НБ ВП - Відділ періодики НБ 18/09/2023 30 (1542)   050 С37 2162214035924040 18/09/2023 18/09/2023 Номер газети
    Universal Decimal Classification     ВП - Відділ періодики НБ ВП - Відділ періодики НБ 18/09/2023 34 (1546)   050 С37 2162214035924041 18/09/2023 18/09/2023 Номер газети
    Universal Decimal Classification     ВП - Відділ періодики НБ ВП - Відділ періодики НБ 18/09/2023 35 (1547)   050 С37 2162214035924042 18/09/2023 18/09/2023 Номер газети
    Universal Decimal Classification     ВП - Відділ періодики НБ ВП - Відділ періодики НБ 12/10/2023 33 (1545)   050 С37 2162214035924175 12/10/2023 12/10/2023 Номер газети
    Universal Decimal Classification     ВП - Відділ періодики НБ ВП - Відділ періодики НБ 12/10/2023 36 (1548)   050 С37 2162214035924176 12/10/2023 12/10/2023 Номер газети
    Universal Decimal Classification     ВП - Відділ періодики НБ ВП - Відділ періодики НБ 12/10/2023 37 (1549)   050 С37 2162214035924177 12/10/2023 12/10/2023 Номер газети
    Universal Decimal Classification     ВП - Відділ періодики НБ ВП - Відділ періодики НБ 12/10/2023 38 (1550)   050 С37 2162214035924178 12/10/2023 12/10/2023 Номер газети
    Universal Decimal Classification     ВП - Відділ періодики НБ ВП - Відділ періодики НБ 12/10/2023 39 (1551)   050 С37 2162214035924179 12/10/2023 12/10/2023 Номер газети
    Universal Decimal Classification     ВП - Відділ періодики НБ ВП - Відділ періодики НБ 12/10/2023 40 (1552)   050 С37 2162214035924180 12/10/2023 12/10/2023 Номер газети
    Universal Decimal Classification     ВП - Відділ періодики НБ ВП - Відділ періодики НБ 16/11/2023 41 (1553)   050 С37 2162214035924413 16/11/2023 16/11/2023 Номер газети
    Universal Decimal Classification     ВП - Відділ періодики НБ ВП - Відділ періодики НБ 16/11/2023 42 (1554)   050 С37 2162214035924414 16/11/2023 16/11/2023 Номер газети
    Universal Decimal Classification     ВП - Відділ періодики НБ ВП - Відділ періодики НБ 16/11/2023 43 (1555)   050 С37 2162214035924415 16/11/2023 16/11/2023 Номер газети
    Universal Decimal Classification     ВП - Відділ періодики НБ ВП - Відділ періодики НБ 16/11/2023 44 (1556)   050 С37 2162214035924416 16/11/2023 16/11/2023 Номер газети
    Universal Decimal Classification     ВП - Відділ періодики НБ ВП - Відділ періодики НБ 20/12/2023 45 (1557)   050 С37 2162214035924510 20/12/2023 20/12/2023 Номер газети
    Universal Decimal Classification     ВП - Відділ періодики НБ ВП - Відділ періодики НБ 20/12/2023 47 (1559)   050 С37 2162214035924511 20/12/2023 20/12/2023 Номер газети
    Universal Decimal Classification     ВП - Відділ періодики НБ ВП - Відділ періодики НБ 20/12/2023 46 (1558)   050 С37 2162214035924512 20/12/2023 20/12/2023 Номер газети
    Universal Decimal Classification     ВП - Відділ періодики НБ ВП - Відділ періодики НБ 20/12/2023 48 (1560)   050 С37 2162214035924513 20/12/2023 20/12/2023 Номер газети
    Universal Decimal Classification     ВП - Відділ періодики НБ ВП - Відділ періодики НБ 20/12/2023 49 (1561)   050 С37 2162214035924514 20/12/2023 20/12/2023 Номер газети
    Universal Decimal Classification     ВП - Відділ періодики НБ ВП - Відділ періодики НБ 05/02/2024 2 (1566)   050 С37 2162214035924632 05/02/2024 05/02/2024 Номер газети
    Universal Decimal Classification     ВП - Відділ періодики НБ ВП - Відділ періодики НБ 21/02/2024 4 (1568)   050 С37 2162214035924694 21/02/2024 21/02/2024 Номер газети
    Universal Decimal Classification     ВП - Відділ періодики НБ ВП - Відділ періодики НБ 20/03/2024 6 (1570)   050 С37 2162214035924765 20/03/2024 20/03/2024 Номер газети
    Universal Decimal Classification     ВП - Відділ періодики НБ ВП - Відділ періодики НБ 20/03/2024 7 (1571)   050 С37 2162214035924766 20/03/2024 20/03/2024 Номер газети
    Universal Decimal Classification     ВП - Відділ періодики НБ ВП - Відділ періодики НБ 20/03/2024 8 (1572)   050 С37 2162214035924767 20/03/2024 20/03/2024 Номер газети
    Universal Decimal Classification     ВП - Відділ періодики НБ ВП - Відділ періодики НБ 20/03/2024 9 (1573)   050 С37 2162214035924768 20/03/2024 20/03/2024 Номер газети
    Universal Decimal Classification     ВП - Відділ періодики НБ ВП - Відділ періодики НБ 23/04/2024 10 (1574)   050 С37 2162214035924908 23/04/2024 23/04/2024 Номер газети
    Universal Decimal Classification     ВП - Відділ періодики НБ ВП - Відділ періодики НБ 23/04/2024 11 (1575)   050 С37 2162214035924909 23/04/2024 23/04/2024 Номер газети
    Universal Decimal Classification     ВП - Відділ періодики НБ ВП - Відділ періодики НБ 23/04/2024 12 (1576)   050 С37 2162214035924910 23/04/2024 23/04/2024 Номер газети
    Universal Decimal Classification     ВП - Відділ періодики НБ ВП - Відділ періодики НБ 23/04/2024 13 (1577)   050 С37 2162214035924911 23/04/2024 23/04/2024 Номер газети
    Universal Decimal Classification     ВП - Відділ періодики НБ ВП - Відділ періодики НБ 23/04/2024 14 (1578)   050 С37 2162214035924912 23/04/2024 23/04/2024 Номер газети
    Universal Decimal Classification     ВП - Відділ періодики НБ ВП - Відділ періодики НБ 23/04/2024 15 (1579)   050 С37 2162214035924913 23/04/2024 23/04/2024 Номер газети
    Universal Decimal Classification     ВП - Відділ періодики НБ ВП - Відділ періодики НБ 04/06/2024 18 (1582)   050 С37 2162214035925008 04/06/2024 04/06/2024 Номер газети
    Universal Decimal Classification     ВП - Відділ періодики НБ ВП - Відділ періодики НБ 04/06/2024 17 (1581)   050 С37 2162214035925009 04/06/2024 04/06/2024 Номер газети
    Universal Decimal Classification     ВП - Відділ періодики НБ ВП - Відділ періодики НБ 04/06/2024 19 (1583)   050 С37 2162214035925010 04/06/2024 04/06/2024 Номер газети
    Universal Decimal Classification     ВП - Відділ періодики НБ ВП - Відділ періодики НБ 04/06/2024 20 (1584)   050 С37 2162214035925011 04/06/2024 04/06/2024 Номер газети
    Universal Decimal Classification     ВП - Відділ періодики НБ ВП - Відділ періодики НБ 04/06/2024 21 (1585)   050 С37 2162214035925012 04/06/2024 04/06/2024 Номер газети
    Universal Decimal Classification     ВП - Відділ періодики НБ ВП - Відділ періодики НБ 04/06/2024 22 (1586)   050 С37 2162214035925013 04/06/2024 04/06/2024 Номер газети
    Universal Decimal Classification     ВП - Відділ періодики НБ ВП - Відділ періодики НБ 15/07/2024 23 (1587)   050 С37 2162214035925137 15/07/2024 15/07/2024 Номер газети
    Universal Decimal Classification     ВП - Відділ періодики НБ ВП - Відділ періодики НБ 15/07/2024 24 (1588)   050 С37 2162214035925138 15/07/2024 15/07/2024 Номер газети
    Universal Decimal Classification     ВП - Відділ періодики НБ ВП - Відділ періодики НБ 15/07/2024 25 (1589)   050 С37 2162214035925139 15/07/2024 15/07/2024 Номер газети
    Universal Decimal Classification     ВП - Відділ періодики НБ ВП - Відділ періодики НБ 15/07/2024 26 (1590)   050 С37 2162214035925140 15/07/2024 15/07/2024 Номер газети
    Universal Decimal Classification     ВП - Відділ періодики НБ ВП - Відділ періодики НБ 15/07/2024 27 (1591)   050 С37 2162214035925141 15/07/2024 15/07/2024 Номер газети
    Universal Decimal Classification     ВП - Відділ періодики НБ ВП - Відділ періодики НБ 23/07/2024 29 (1593)   050 С37 2162214035925176 23/07/2024 23/07/2024 Номер газети
    Universal Decimal Classification     ВП - Відділ періодики НБ ВП - Відділ періодики НБ 03/09/2024 33 (1597)   050 С37 2162214035925208 03/09/2024 03/09/2024 Номер газети
    Universal Decimal Classification     ВП - Відділ періодики НБ ВП - Відділ періодики НБ 11/09/2024 32 (1596)   050 С37 2162214035925304 11/09/2024 11/09/2024 Номер газети
    Universal Decimal Classification     ВП - Відділ періодики НБ ВП - Відділ періодики НБ 11/09/2024 34 (1598)   050 С37 2162214035925305 11/09/2024 11/09/2024 Номер газети
    Universal Decimal Classification     ВП - Відділ періодики НБ ВП - Відділ періодики НБ 11/09/2024 35 (1599)   050 С37 2162214035925306 11/09/2024 11/09/2024 Номер газети
    Universal Decimal Classification     ВП - Відділ періодики НБ ВП - Відділ періодики НБ 08/10/2024 28 (1592)   050 С37 2162214035925376 08/10/2024 08/10/2024 Номер газети
    Universal Decimal Classification     ВП - Відділ періодики НБ ВП - Відділ періодики НБ 08/10/2024 30 (1594)   050 С37 2162214035925377 08/10/2024 08/10/2024 Номер газети
    Universal Decimal Classification     ВП - Відділ періодики НБ ВП - Відділ періодики НБ 08/10/2024 31 (1595)   050 С37 2162214035925378 08/10/2024 08/10/2024 Номер газети
    Universal Decimal Classification     ВП - Відділ періодики НБ ВП - Відділ періодики НБ 08/10/2024 36 (1600)   050 С37 2162214035925379 08/10/2024 08/10/2024 Номер газети
    Universal Decimal Classification     ВП - Відділ періодики НБ ВП - Відділ періодики НБ 08/10/2024 37 (1601)   050 С37 2162214035925380 08/10/2024 08/10/2024 Номер газети
    Universal Decimal Classification     ВП - Відділ періодики НБ ВП - Відділ періодики НБ 08/10/2024 38 (1602)   050 С37 2162214035925381 08/10/2024 08/10/2024 Номер газети
    Universal Decimal Classification     ВП - Відділ періодики НБ ВП - Відділ періодики НБ 18/11/2024 39 (1603)   050 С37 2162214035925537 18/11/2024 18/11/2024 Номер газети
    Universal Decimal Classification     ВП - Відділ періодики НБ ВП - Відділ періодики НБ 18/11/2024 40 (1604)   050 С37 2162214035925538 18/11/2024 18/11/2024 Номер газети
    Universal Decimal Classification     ВП - Відділ періодики НБ ВП - Відділ періодики НБ 18/11/2024 41 (1605)   050 С37 2162214035925539 18/11/2024 18/11/2024 Номер газети
    Universal Decimal Classification     ВП - Відділ періодики НБ ВП - Відділ періодики НБ 18/11/2024 42 (1606)   050 С37 2162214035925540 18/11/2024 18/11/2024 Номер газети
    Universal Decimal Classification     ВП - Відділ періодики НБ ВП - Відділ періодики НБ 18/11/2024 43 (1607)   050 С37 2162214035925541 18/11/2024 18/11/2024 Номер газети
    Universal Decimal Classification     ВП - Відділ періодики НБ ВП - Відділ періодики НБ 18/11/2024 44 (1608)   050 С37 2162214035925542 18/11/2024 18/11/2024 Номер газети
    Universal Decimal Classification     ВП - Відділ періодики НБ ВП - Відділ періодики НБ 18/11/2024 45 (1609)   050 С37 2162214035925543 18/11/2024 18/11/2024 Номер газети
    Universal Decimal Classification     ВП - Відділ періодики НБ ВП - Відділ періодики НБ 24/12/2024 46 (1610)   050 С37 2162214035925610 24/12/2024 24/12/2024 Номер газети
    Universal Decimal Classification     ВП - Відділ періодики НБ ВП - Відділ періодики НБ 24/12/2024 47 (1611)   050 С37 2162214035925611 24/12/2024 24/12/2024 Номер газети
    Universal Decimal Classification     ВП - Відділ періодики НБ ВП - Відділ періодики НБ 24/12/2024 48 (1612)   050 С37 2162214035925612 24/12/2024 24/12/2024 Номер газети
    Universal Decimal Classification     ВП - Відділ періодики НБ ВП - Відділ періодики НБ 11/02/2025 50 (1614)   050 С37 2162214035925774 11/02/2025 11/02/2025 Номер газети
    Universal Decimal Classification     ВП - Відділ періодики НБ ВП - Відділ періодики НБ 11/02/2025 51 (1615)   050 С37 2162214035925775 11/02/2025 11/02/2025 Номер газети
    Universal Decimal Classification     ВП - Відділ періодики НБ ВП - Відділ періодики НБ 11/02/2025 52 (1616)   050 С37 2162214035925776 11/02/2025 11/02/2025 Номер газети
    Universal Decimal Classification     ВП - Відділ періодики НБ ВП - Відділ періодики НБ 11/02/2025 1 (1617)   050 С37 2162214035925777 11/02/2025 11/02/2025 Номер газети
    Universal Decimal Classification     ВП - Відділ періодики НБ ВП - Відділ періодики НБ 11/02/2025 2 (1618)   050 С37 2162214035925778 11/02/2025 11/02/2025 Номер газети
    Universal Decimal Classification     ВП - Відділ періодики НБ ВП - Відділ періодики НБ 11/02/2025 3 (1619)   050 С37 2162214035925779 11/02/2025 11/02/2025 Номер газети
    Universal Decimal Classification     ВП - Відділ періодики НБ ВП - Відділ періодики НБ 11/02/2025 4 (1620)   050 С37 2162214035925780 11/02/2025 11/02/2025 Номер газети
    Universal Decimal Classification     ВП - Відділ періодики НБ ВП - Відділ періодики НБ 10/03/2025 5 (1621)   050 С37 2162214035925820 10/03/2025 10/03/2025 Номер газети
    Universal Decimal Classification     ВП - Відділ періодики НБ ВП - Відділ періодики НБ 10/03/2025 6 (1622)   050 С37 2162214035925821 10/03/2025 10/03/2025 Номер газети
    Universal Decimal Classification     ВП - Відділ періодики НБ ВП - Відділ періодики НБ 10/03/2025 7 (1623)   050 С37 2162214035925822 10/03/2025 10/03/2025 Номер газети
    Universal Decimal Classification     ВП - Відділ періодики НБ ВП - Відділ періодики НБ 10/03/2025 8 (1624)   050 С37 2162214035925823 10/03/2025 10/03/2025 Номер газети
    Universal Decimal Classification     ВП - Відділ періодики НБ ВП - Відділ періодики НБ 10/03/2025 9 (1625)   050 С37 2162214035925824 10/03/2025 10/03/2025 Номер газети
    Universal Decimal Classification     ВП - Відділ періодики НБ ВП - Відділ періодики НБ 10/03/2025 10 (1626)   050 С37 2162214035925825 10/03/2025 10/03/2025 Номер газети
    Universal Decimal Classification     ВП - Відділ періодики НБ ВП - Відділ періодики НБ 04/04/2025 11 (1627)   050 С37 2162214035925918 04/04/2025 04/04/2025 Номер газети
    Universal Decimal Classification     ВП - Відділ періодики НБ ВП - Відділ періодики НБ 04/04/2025 12 (1628)   050 С37 2162214035925919 04/04/2025 04/04/2025 Номер газети
    Universal Decimal Classification     ВП - Відділ періодики НБ ВП - Відділ періодики НБ 04/04/2025 13 (1629)   050 С37 2162214035925920 04/04/2025 04/04/2025 Номер газети
    Universal Decimal Classification     ВП - Відділ періодики НБ ВП - Відділ періодики НБ 09/05/2025 15 (1631)   050 С37 2162214035925963 09/05/2025 09/05/2025 Номер газети
    Universal Decimal Classification     ВП - Відділ періодики НБ ВП - Відділ періодики НБ 10/06/2025 14 (1630)   050 С37 2162214035926072 10/06/2025 10/06/2025 Номер газети
    Universal Decimal Classification     ВП - Відділ періодики НБ ВП - Відділ періодики НБ 10/06/2025 16 (1632)   050 С37 2162214035926073 10/06/2025 10/06/2025 Номер газети
    Universal Decimal Classification     ВП - Відділ періодики НБ ВП - Відділ періодики НБ 10/06/2025 17 (1633)   050 С37 2162214035926074 10/06/2025 10/06/2025 Номер газети
    Universal Decimal Classification     ВП - Відділ періодики НБ ВП - Відділ періодики НБ 10/06/2025 18 (1634)   050 С37 2162214035926075 10/06/2025 10/06/2025 Номер газети
    Universal Decimal Classification     ВП - Відділ періодики НБ ВП - Відділ періодики НБ 10/06/2025 19 (1635)   050 С37 2162214035926076 10/06/2025 10/06/2025 Номер газети
    Universal Decimal Classification     ВП - Відділ періодики НБ ВП - Відділ періодики НБ 10/06/2025 20 (1636)   050 С37 2162214035926077 10/06/2025 10/06/2025 Номер газети
    Universal Decimal Classification     ВП - Відділ періодики НБ ВП - Відділ періодики НБ 10/06/2025 21 (1637)   050 С37 2162214035926078 10/06/2025 10/06/2025 Номер газети
    Universal Decimal Classification     ВП - Відділ періодики НБ ВП - Відділ періодики НБ 10/06/2025 22 (1638)   050 С37 2162214035926079 10/06/2025 10/06/2025 Номер газети
    Universal Decimal Classification     ВП - Відділ періодики НБ ВП - Відділ періодики НБ 25/08/2025 23 (1639)   050 С37 2162214035926196 25/08/2025 25/08/2025 Номер газети
    Universal Decimal Classification     ВП - Відділ періодики НБ ВП - Відділ періодики НБ 25/08/2025 24 (1640)   050 С37 2162214035926197 25/08/2025 25/08/2025 Номер газети
    Universal Decimal Classification     ВП - Відділ періодики НБ ВП - Відділ періодики НБ 25/08/2025 26 (1642)   050 С37 2162214035926198 25/08/2025 25/08/2025 Номер газети
    Universal Decimal Classification     ВП - Відділ періодики НБ ВП - Відділ періодики НБ 18/11/2025 25 (1641)   050 С37 2162214035926362 18/11/2025 18/11/2025 Номер газети